{"text_format":"1","workbook":"xlsx","n_sheets":3,"sheets":["Formato","Instructivo de Diligenciamiento","Listas"],"not_rendered":{"charts":0,"images":3,"macros":1,"external_links":0,"defined_names":3,"comments":1,"pivot_tables":0},"unopened":[],"bounds":{"document_bytes":16777216,"sheet_cells":100000,"rows_first":2000,"rows_last":500,"rows_between":2000,"halvings":0,"cell_chars":16384,"cell_head_chars":4096},"cells_cut":0,"cells_raw":0,"read":"whole","date_system":"1900"}

{"sheet":"Formato","index":0,"n_rows":418,"n_cols":17,"rows_kept":418,"cut":false,"hidden":false,"merged":[[396,2,396,3],[396,8,396,9],[396,10,396,11],[396,16,396,17],[397,2,397,3],[397,8,397,9],[397,10,397,11],[397,16,397,17],[398,2,398,3],[398,8,398,9],[398,10,398,11],[398,16,398,17],[399,2,399,3],[399,8,399,9],[399,10,399,11],[399,16,399,17],[391,2,391,3],[391,8,391,9],[391,10,391,11],[391,16,391,17],[392,2,392,3],[392,8,392,9],[392,10,392,11],[392,16,392,17],[393,2,393,3],[393,8,393,9],[393,10,393,11],[393,16,393,17],[394,2,394,3],[394,8,394,9],[394,10,394,11],[394,16,394,17],[395,2,395,3],[395,8,395,9],[395,10,395,11],[395,16,395,17],[46,2,46,3],[46,8,46,9],[46,10,46,11],[46,16,46,17],[44,2,44,3],[44,8,44,9],[44,10,44,11],[44,16,44,17],[43,2,43,3],[43,8,43,9],[43,10,43,11],[43,16,43,17],[45,2,45,3],[45,8,45,9],[45,10,45,11],[45,16,45,17],[47,2,47,3],[47,8,47,9],[47,10,47,11],[47,16,47,17],[49,10,49,11],[49,16,49,17],[50,2,50,3],[50,8,50,9],[54,2,54,3],[54,8,54,9],[54,10,54,11],[54,16,54,17],[42,10,42,11],[42,16,42,17],[416,10,417,14],[416,1,416,3],[416,6,416,8],[417,1,417,3],[417,4,417,5],[417,6,417,8],[404,0,404,17],[408,1,408,4],[408,5,408,7],[408,8,408,11],[409,1,409,4],[409,5,409,7],[409,8,409,11],[406,1,406,4],[406,5,406,7],[406,8,406,11],[407,1,407,4],[407,5,407,7],[407,8,407,11],[411,1,411,3],[411,11,413,13],[414,11,414,13],[48,2,48,3],[48,8,48,9],[48,10,48,11],[48,16,48,17],[53,2,53,3],[53,8,53,9],[53,10,53,11],[53,16,53,17],[38,16,38,17],[38,10,38,11],[37,10,37,17],[31,6,31,8],[31,11,31,13],[37,1,37,9],[31,1,31,2],[31,4,31,5],[31,9,31,10],[35,0,35,17],[37,0,38,0],[38,8,38,9],[414,1,414,3],[414,6,414,8],[39,16,39,17],[401,6,401,7],[401,8,401,9],[39,10,39,11],[39,2,39,3],[39,8,39,9],[40,2,40,3],[40,8,40,9],[40,10,40,11],[40,16,40,17],[41,2,41,3],[41,8,41,9],[41,10,41,11],[41,16,41,17],[42,2,42,3],[42,8,42,9],[49,2,49,3],[49,8,49,9],[29,9,29,10],[21,1,21,13],[7,3,7,9],[9,1,9,2],[9,3,9,7],[7,12,7,13],[23,1,23,2],[23,4,23,8],[19,1,19,13],[29,1,29,2],[29,11,29,13],[17,1,17,13],[29,4,29,8],[15,1,15,2],[13,1,13,13],[27,1,27,2],[38,2,38,3],[4,4,5,5],[27,6,27,8],[27,9,27,10],[27,11,27,13],[15,3,15,7],[27,4,27,5],[1,1,1,13],[7,1,7,2],[11,1,11,2],[23,9,23,13],[25,1,25,2],[25,4,25,5],[25,6,25,8],[25,9,25,10],[25,11,25,13],[11,3,11,9],[9,10,9,11],[9,12,9,13],[2,1,2,13],[4,1,5,3],[4,10,5,11],[4,7,5,9],[55,2,55,3],[55,8,55,9],[55,10,55,11],[55,16,55,17],[50,10,50,11],[50,16,50,17],[51,2,51,3],[51,8,51,9],[51,10,51,11],[51,16,51,17],[52,2,52,3],[52,8,52,9],[52,10,52,11],[52,16,52,17],[59,2,59,3],[59,8,59,9],[59,10,59,11],[59,16,59,17],[60,2,60,3],[60,8,60,9],[60,10,60,11],[60,16,60,17],[61,2,61,3],[61,8,61,9],[61,10,61,11],[61,16,61,17],[56,2,56,3],[56,8,56,9],[56,10,56,11],[56,16,56,17],[57,2,57,3],[57,8,57,9],[57,10,57,11],[57,16,57,17],[58,2,58,3],[58,8,58,9],[58,10,58,11],[58,16,58,17],[65,2,65,3],[65,8,65,9],[65,10,65,11],[65,16,65,17],[66,2,66,3],[66,8,66,9],[66,10,66,11],[66,16,66,17],[67,2,67,3],[67,8,67,9],[67,10,67,11],[67,16,67,17],[62,2,62,3],[62,8,62,9],[62,10,62,11],[62,16,62,17],[63,2,63,3],[63,8,63,9],[63,10,63,11],[63,16,63,17],[64,2,64,3],[64,8,64,9],[64,10,64,11],[64,16,64,17],[71,2,71,3],[71,8,71,9],[71,10,71,11],[71,16,71,17],[72,2,72,3],[72,8,72,9],[72,10,72,11],[72,16,72,17],[73,2,73,3],[73,8,73,9],[73,10,73,11],[73,16,73,17],[68,2,68,3],[68,8,68,9],[68,10,68,11],[68,16,68,17],[69,2,69,3],[69,8,69,9],[69,10,69,11],[69,16,69,17],[70,2,70,3],[70,8,70,9],[70,10,70,11],[70,16,70,17],[77,2,77,3],[77,8,77,9],[77,10,77,11],[77,16,77,17],[78,2,78,3],[78,8,78,9],[78,10,78,11],[78,16,78,17],[79,2,79,3],[79,8,79,9],[79,10,79,11],[79,16,79,17],[74,2,74,3],[74,8,74,9],[74,10,74,11],[74,16,74,17],[75,2,75,3],[75,8,75,9],[75,10,75,11],[75,16,75,17],[76,2,76,3],[76,8,76,9],[76,10,76,11],[76,16,76,17],[83,2,83,3],[83,8,83,9],[83,10,83,11],[83,16,83,17],[84,2,84,3],[84,8,84,9],[84,10,84,11],[84,16,84,17],[85,2,85,3],[85,8,85,9],[85,10,85,11],[85,16,85,17],[80,2,80,3],[80,8,80,9],[80,10,80,11],[80,16,80,17],[81,2,81,3],[81,8,81,9],[81,10,81,11],[81,16,81,17],[82,2,82,3],[82,8,82,9],[82,10,82,11],[82,16,82,17],[89,2,89,3],[89,8,89,9],[89,10,89,11],[89,16,89,17],[90,2,90,3],[90,8,90,9],[90,10,90,11],[90,16,90,17],[91,2,91,3],[91,8,91,9],[91,10,91,11],[91,16,91,17],[86,2,86,3],[86,8,86,9],[86,10,86,11],[86,16,86,17],[87,2,87,3],[87,8,87,9],[87,10,87,11],[87,16,87,17],[88,2,88,3],[88,8,88,9],[88,10,88,11],[88,16,88,17],[95,2,95,3],[95,8,95,9],[95,10,95,11],[95,16,95,17],[96,2,96,3],[96,8,96,9],[96,10,96,11],[96,16,96,17],[97,2,97,3],[97,8,97,9],[97,10,97,11],[97,16,97,17],[92,2,92,3],[92,8,92,9],[92,10,92,11],[92,16,92,17],[93,2,93,3],[93,8,93,9],[93,10,93,11],[93,16,93,17],[94,2,94,3],[94,8,94,9],[94,10,94,11],[94,16,94,17],[101,2,101,3],[101,8,101,9],[101,10,101,11],[101,16,101,17],[102,2,102,3],[102,8,102,9],[102,10,102,11],[102,16,102,17],[103,2,103,3],[103,8,103,9],[103,10,103,11],[103,16,103,17],[98,2,98,3],[98,8,98,9],[98,10,98,11],[98,16,98,17],[99,2,99,3],[99,8,99,9],[99,10,99,11],[99,16,99,17],[100,2,100,3],[100,8,100,9],[100,10,100,11],[100,16,100,17],[107,2,107,3],[107,8,107,9],[107,10,107,11],[107,16,107,17],[108,2,108,3],[108,8,108,9],[108,10,108,11],[108,16,108,17],[109,2,109,3],[109,8,109,9],[109,10,109,11],[109,16,109,17],[104,2,104,3],[104,8,104,9],[104,10,104,11],[104,16,104,17],[105,2,105,3],[105,8,105,9],[105,10,105,11],[105,16,105,17],[106,2,106,3],[106,8,106,9],[106,10,106,11],[106,16,106,17],[113,2,113,3],[113,8,113,9],[113,10,113,11],[113,16,113,17],[114,2,114,3],[114,8,114,9],[114,10,114,11],[114,16,114,17],[115,2,115,3],[115,8,115,9],[115,10,115,11],[115,16,115,17],[110,2,110,3],[110,8,110,9],[110,10,110,11],[110,16,110,17],[111,2,111,3],[111,8,111,9],[111,10,111,11],[111,16,111,17],[112,2,112,3],[112,8,112,9],[112,10,112,11],[112,16,112,17],[119,2,119,3],[119,8,119,9],[119,10,119,11],[119,16,119,17],[120,2,120,3],[120,8,120,9],[120,10,120,11],[120,16,120,17],[121,2,121,3],[121,8,121,9],[121,10,121,11],[121,16,121,17],[116,2,116,3],[116,8,116,9],[116,10,116,11],[116,16,116,17],[117,2,117,3],[117,8,117,9],[117,10,117,11],[117,16,117,17],[118,2,118,3],[118,8,118,9],[118,10,118,11],[118,16,118,17],[125,2,125,3],[125,8,125,9],[125,10,125,11],[125,16,125,17],[126,2,126,3],[126,8,126,9],[126,10,126,11],[126,16,126,17],[127,2,127,3],[127,8,127,9],[127,10,127,11],[127,16,127,17],[122,2,122,3],[122,8,122,9],[122,10,122,11],[122,16,122,17],[123,2,123,3],[123,8,123,9],[123,10,123,11],[123,16,123,17],[124,2,124,3],[124,8,124,9],[124,10,124,11],[124,16,124,17],[131,2,131,3],[131,8,131,9],[131,10,131,11],[131,16,131,17],[132,2,132,3],[132,8,132,9],[132,10,132,11],[132,16,132,17],[133,2,133,3],[133,8,133,9],[133,10,133,11],[133,16,133,17],[128,2,128,3],[128,8,128,9],[128,10,128,11],[128,16,128,17],[129,2,129,3],[129,8,129,9],[129,10,129,11],[129,16,129,17],[130,2,130,3],[130,8,130,9],[130,10,130,11],[130,16,130,17],[137,2,137,3],[137,8,137,9],[137,10,137,11],[137,16,137,17],[138,2,138,3],[138,8,138,9],[138,10,138,11],[138,16,138,17],[139,2,139,3],[139,8,139,9],[139,10,139,11],[139,16,139,17],[134,2,134,3],[134,8,134,9],[134,10,134,11],[134,16,134,17],[135,2,135,3],[135,8,135,9],[135,10,135,11],[135,16,135,17],[136,2,136,3],[136,8,136,9],[136,10,136,11],[136,16,136,17],[143,2,143,3],[143,8,143,9],[143,10,143,11],[143,16,143,17],[144,2,144,3],[144,8,144,9],[144,10,144,11],[144,16,144,17],[145,2,145,3],[145,8,145,9],[145,10,145,11],[145,16,145,17],[140,2,140,3],[140,8,140,9],[140,10,140,11],[140,16,140,17],[141,2,141,3],[141,8,141,9],[141,10,141,11],[141,16,141,17],[142,2,142,3],[142,8,142,9],[142,10,142,11],[142,16,142,17],[149,2,149,3],[149,8,149,9],[149,10,149,11],[149,16,149,17],[150,2,150,3],[150,8,150,9],[150,10,150,11],[150,16,150,17],[151,2,151,3],[151,8,151,9],[151,10,151,11],[151,16,151,17],[146,2,146,3],[146,8,146,9],[146,10,146,11],[146,16,146,17],[147,2,147,3],[147,8,147,9],[147,10,147,11],[147,16,147,17],[148,2,148,3],[148,8,148,9],[148,10,148,11],[148,16,148,17],[155,2,155,3],[155,8,155,9],[155,10,155,11],[155,16,155,17],[156,2,156,3],[156,8,156,9],[156,10,156,11],[156,16,156,17],[157,2,157,3],[157,8,157,9],[157,10,157,11],[157,16,157,17],[152,2,152,3],[152,8,152,9],[152,10,152,11],[152,16,152,17],[153,2,153,3],[153,8,153,9],[153,10,153,11],[153,16,153,17],[154,2,154,3],[154,8,154,9],[154,10,154,11],[154,16,154,17],[161,2,161,3],[161,8,161,9],[161,10,161,11],[161,16,161,17],[162,2,162,3],[162,8,162,9],[162,10,162,11],[162,16,162,17],[163,2,163,3],[163,8,163,9],[163,10,163,11],[163,16,163,17],[158,2,158,3],[158,8,158,9],[158,10,158,11],[158,16,158,17],[159,2,159,3],[159,8,159,9],[159,10,159,11],[159,16,159,17],[160,2,160,3],[160,8,160,9],[160,10,160,11],[160,16,160,17],[167,2,167,3],[167,8,167,9],[167,10,167,11],[167,16,167,17],[168,2,168,3],[168,8,168,9],[168,10,168,11],[168,16,168,17],[169,2,169,3],[169,8,169,9],[169,10,169,11],[169,16,169,17],[164,2,164,3],[164,8,164,9],[164,10,164,11],[164,16,164,17],[165,2,165,3],[165,8,165,9],[165,10,165,11],[165,16,165,17],[166,2,166,3],[166,8,166,9],[166,10,166,11],[166,16,166,17],[173,2,173,3],[173,8,173,9],[173,10,173,11],[173,16,173,17],[174,2,174,3],[174,8,174,9],[174,10,174,11],[174,16,174,17],[175,2,175,3],[175,8,175,9],[175,10,175,11],[175,16,175,17],[170,2,170,3],[170,8,170,9],[170,10,170,11],[170,16,170,17],[171,2,171,3],[171,8,171,9],[171,10,171,11],[171,16,171,17],[172,2,172,3],[172,8,172,9],[172,10,172,11],[172,16,172,17],[179,2,179,3],[179,8,179,9],[179,10,179,11],[179,16,179,17],[180,2,180,3],[180,8,180,9],[180,10,180,11],[180,16,180,17],[181,2,181,3],[181,8,181,9],[181,10,181,11],[181,16,181,17],[176,2,176,3],[176,8,176,9],[176,10,176,11],[176,16,176,17],[177,2,177,3],[177,8,177,9],[177,10,177,11],[177,16,177,17],[178,2,178,3],[178,8,178,9],[178,10,178,11],[178,16,178,17],[185,2,185,3],[185,8,185,9],[185,10,185,11],[185,16,185,17],[186,2,186,3],[186,8,186,9],[186,10,186,11],[186,16,186,17],[187,2,187,3],[187,8,187,9],[187,10,187,11],[187,16,187,17],[182,2,182,3],[182,8,182,9],[182,10,182,11],[182,16,182,17],[183,2,183,3],[183,8,183,9],[183,10,183,11],[183,16,183,17],[184,2,184,3],[184,8,184,9],[184,10,184,11],[184,16,184,17],[191,2,191,3],[191,8,191,9],[191,10,191,11],[191,16,191,17],[192,2,192,3],[192,8,192,9],[192,10,192,11],[192,16,192,17],[193,2,193,3],[193,8,193,9],[193,10,193,11],[193,16,193,17],[188,2,188,3],[188,8,188,9],[188,10,188,11],[188,16,188,17],[189,2,189,3],[189,8,189,9],[189,10,189,11],[189,16,189,17],[190,2,190,3],[190,8,190,9],[190,10,190,11],[190,16,190,17],[197,2,197,3],[197,8,197,9],[197,10,197,11],[197,16,197,17],[198,2,198,3],[198,8,198,9],[198,10,198,11],[198,16,198,17],[199,2,199,3],[199,8,199,9],[199,10,199,11],[199,16,199,17],[194,2,194,3],[194,8,194,9],[194,10,194,11],[194,16,194,17],[195,2,195,3],[195,8,195,9],[195,10,195,11],[195,16,195,17],[196,2,196,3],[196,8,196,9],[196,10,196,11],[196,16,196,17],[203,2,203,3],[203,8,203,9],[203,10,203,11],[203,16,203,17],[204,2,204,3],[204,8,204,9],[204,10,204,11],[204,16,204,17],[205,2,205,3],[205,8,205,9],[205,10,205,11],[205,16,205,17],[200,2,200,3],[200,8,200,9],[200,10,200,11],[200,16,200,17],[201,2,201,3],[201,8,201,9],[201,10,201,11],[201,16,201,17],[202,2,202,3],[202,8,202,9],[202,10,202,11],[202,16,202,17],[209,2,209,3],[209,8,209,9],[209,10,209,11],[209,16,209,17],[210,2,210,3],[210,8,210,9],[210,10,210,11],[210,16,210,17],[211,2,211,3],[211,8,211,9],[211,10,211,11],[211,16,211,17],[206,2,206,3],[206,8,206,9],[206,10,206,11],[206,16,206,17],[207,2,207,3],[207,8,207,9],[207,10,207,11],[207,16,207,17],[208,2,208,3],[208,8,208,9],[208,10,208,11],[208,16,208,17],[215,2,215,3],[215,8,215,9],[215,10,215,11],[215,16,215,17],[216,2,216,3],[216,8,216,9],[216,10,216,11],[216,16,216,17],[217,2,217,3],[217,8,217,9],[217,10,217,11],[217,16,217,17],[212,2,212,3],[212,8,212,9],[212,10,212,11],[212,16,212,17],[213,2,213,3],[213,8,213,9],[213,10,213,11],[213,16,213,17],[214,2,214,3],[214,8,214,9],[214,10,214,11],[214,16,214,17],[221,2,221,3],[221,8,221,9],[221,10,221,11],[221,16,221,17],[222,2,222,3],[222,8,222,9],[222,10,222,11],[222,16,222,17],[223,2,223,3],[223,8,223,9],[223,10,223,11],[223,16,223,17],[218,2,218,3],[218,8,218,9],[218,10,218,11],[218,16,218,17],[219,2,219,3],[219,8,219,9],[219,10,219,11],[219,16,219,17],[220,2,220,3],[220,8,220,9],[220,10,220,11],[220,16,220,17],[227,2,227,3],[227,8,227,9],[227,10,227,11],[227,16,227,17],[228,2,228,3],[228,8,228,9],[228,10,228,11],[228,16,228,17],[229,2,229,3],[229,8,229,9],[229,10,229,11],[229,16,229,17],[224,2,224,3],[224,8,224,9],[224,10,224,11],[224,16,224,17],[225,2,225,3],[225,8,225,9],[225,10,225,11],[225,16,225,17],[226,2,226,3],[226,8,226,9],[226,10,226,11],[226,16,226,17],[233,2,233,3],[233,8,233,9],[233,10,233,11],[233,16,233,17],[234,2,234,3],[234,8,234,9],[234,10,234,11],[234,16,234,17],[235,2,235,3],[235,8,235,9],[235,10,235,11],[235,16,235,17],[230,2,230,3],[230,8,230,9],[230,10,230,11],[230,16,230,17],[231,2,231,3],[231,8,231,9],[231,10,231,11],[231,16,231,17],[232,2,232,3],[232,8,232,9],[232,10,232,11],[232,16,232,17],[239,2,239,3],[239,8,239,9],[239,10,239,11],[239,16,239,17],[240,2,240,3],[240,8,240,9],[240,10,240,11],[240,16,240,17],[241,2,241,3],[241,8,241,9],[241,10,241,11],[241,16,241,17],[236,2,236,3],[236,8,236,9],[236,10,236,11],[236,16,236,17],[237,2,237,3],[237,8,237,9],[237,10,237,11],[237,16,237,17],[238,2,238,3],[238,8,238,9],[238,10,238,11],[238,16,238,17],[245,2,245,3],[245,8,245,9],[245,10,245,11],[245,16,245,17],[246,2,246,3],[246,8,246,9],[246,10,246,11],[246,16,246,17],[247,2,247,3],[247,8,247,9],[247,10,247,11],[247,16,247,17],[242,2,242,3],[242,8,242,9],[242,10,242,11],[242,16,242,17],[243,2,243,3],[243,8,243,9],[243,10,243,11],[243,16,243,17],[244,2,244,3],[244,8,244,9],[244,10,244,11],[244,16,244,17],[251,2,251,3],[251,8,251,9],[251,10,251,11],[251,16,251,17],[252,2,252,3],[252,8,252,9],[252,10,252,11],[252,16,252,17],[253,2,253,3],[253,8,253,9],[253,10,253,11],[253,16,253,17],[248,2,248,3],[248,8,248,9],[248,10,248,11],[248,16,248,17],[249,2,249,3],[249,8,249,9],[249,10,249,11],[249,16,249,17],[250,2,250,3],[250,8,250,9],[250,10,250,11],[250,16,250,17],[257,2,257,3],[257,8,257,9],[257,10,257,11],[257,16,257,17],[258,2,258,3],[258,8,258,9],[258,10,258,11],[258,16,258,17],[259,2,259,3],[259,8,259,9],[259,10,259,11],[259,16,259,17],[254,2,254,3],[254,8,254,9],[254,10,254,11],[254,16,254,17],[255,2,255,3],[255,8,255,9],[255,10,255,11],[255,16,255,17],[256,2,256,3],[256,8,256,9],[256,10,256,11],[256,16,256,17],[263,2,263,3],[263,8,263,9],[263,10,263,11]],"merged_total":1521,"flags":["merged_cut"]}
[]
[null,"FORMATO PARA MODIFICACIÓN DE ÓRDENES DE COMPRA"]
[null,"Tienda Virtual del Estado Colombiano"]
[]
[null,"Número de Orden de Compra a modificar:",null,null,4414,null,null,"Número de modificación de la Orden de Compra:"]
[]
[]
[null,"Entidad Compradora:",null,"DEPARTAMENTO ADMINISTRATIVO PARA LA PROSPERIDAD SOCIAL",null,null,null,null,null,null,null,"NIT:","900.039.533-8"]
[]
[null,"Nombre del solicitante:",null,"JULIAN TORRES JIMENEZ",null,null,null,null,null,null,"Teléfono de contacto:",null,"5960800 EXT.9202"]
[]
[null,"Proveedor :",null,"BANCO AGRARIO DE COLOMBIA S.A."]
[]
[null,"Sección 1: Tipo de acción"]
[]
[null,"Tipo",null,"Modificación de la Orden de Compra"]
[]
[null,"Sección 2: Justificación de la modificación o de las acciones a realizar"]
[]
[null,"Actualmente se requiere la entrega de las transferencias monetarias correspondientes a los Ciclos 5° y 6° de 2016 y el primer pago de 2017 y dado que  no es más oneroso para la Entidad y se obtendría la sostenibilidad requerida, se considera por parte de la Dirección recomendable una prórroga y adición de las actuales órdenes de compra hasta el 30 de abril de 2017."]
[]
[null,"Sección 3:  Modificación información general"]
[]
[null,"Nombre del campo",null,"¿Requiere modificación Si/No?","Datos actuales",null,null,null,null,"Nuevos datos"]
[]
[null,"Actualizar supervisor",null,"NO","Nombre del supervisor actual",null,0,null,null,"Nombre nuevo supervisor"]
[]
[null,"Dirección y/o teléfono Supervisor",null,"NO","Teléfono actual supervisor",null,0,null,null,"Teléfono nuevo supervisor"]
[]
[null,"Fecha de vencimiento",null,"Ampliar fecha","   La fecha vencimiento actual se tomará de la TVEC al momento del cambio",null,null,null,null,"Nueva fecha de vencimiento",null,"2017-04-30"]
[]
[null,"Dirección y/o teléfono Entidad",null,"NO","Dirección / teléfono actual Entidad",null,0,null,null,"Nueva dirección / teléfono Entidad"]
[]
[]
[]
["Sección 4: Modificación de artículos y servicios"]
[]
["Tipo de modificación","Información actual",null,null,null,null,null,null,null,null,"Nueva información"]
[null,"Número de la línea según O.C.","Nombre del artículo",null,"Cantidad","Unidad de medida","Precio unitario","Total","Información presupuestal",null,"Nombre del artículo",null,"Cantidad","Unidad de medida","Precio unitario","Total","Información presupuestal"]
["Agregar nuevo artículo o servicio","No aplica","No aplica",null,"No aplica","No aplica","No aplica",0,"No aplica",null,"SF Tipo 4 - 8078 - BARANOA - Beneficiarios: 4919","SF Tipo 4 - 8078 - BARANOA - Beneficiarios: 4919",8969,"UNIDAD",6695,{"$f":"ROUND(M40*O40, 2)","v":60047455},"CDP No 101416 y Vigencias Futuras"]
["Agregar nuevo artículo o servicio","No aplica","No aplica",null,"No aplica","No aplica","No aplica",0,"No aplica",null,"SF Tipo 4 - 8137 - CAMPO DE LA CRUZ - Beneficiarios: 1972","SF Tipo 4 - 8137 - CAMPO DE LA CRUZ - Beneficiarios: 1972",3617,"UNIDAD",6695,24215815,"CDP No 101416 y Vigencias Futuras"]
["Agregar nuevo artículo o servicio","No aplica","No aplica",null,"No aplica","No aplica","No aplica",0,"No aplica",null,"SF Tipo 4 - 8141 - CANDELARIA - Beneficiarios: 1835","SF Tipo 4 - 8141 - CANDELARIA - Beneficiarios: 1835",3436,"UNIDAD",6695,23004020,"CDP No 101416 y Vigencias Futuras"]
["Agregar nuevo artículo o servicio","No aplica","No aplica",null,"No aplica","No aplica","No aplica",0,"No aplica",null,"SF Tipo 4 - 8296 - GALAPA - Beneficiarios: 2935","SF Tipo 4 - 8296 - GALAPA - Beneficiarios: 2935",10510,"UNIDAD",6695,70364450,"CDP No 101416 y Vigencias Futuras"]
["Agregar nuevo artículo o servicio","No aplica","No aplica",null,"No aplica","No aplica","No aplica",0,"No aplica",null,"SF Tipo 4 - 8372 - JUAN DE ACOSTA - Beneficiarios: 1520","SF Tipo 4 - 8372 - JUAN DE ACOSTA - Beneficiarios: 1520",2853,"UNIDAD",6695,19100835,"CDP No 101416 y Vigencias Futuras"]
["Agregar nuevo artículo o servicio","No aplica","No aplica",null,"No aplica","No aplica","No aplica",0,"No aplica",null,"SF Tipo 4 - 8421 - LURUACO - Beneficiarios: 2856","SF Tipo 4 - 8421 - LURUACO - Beneficiarios: 2856",5464,"UNIDAD",6695,36581480,"CDP No 101416 y Vigencias Futuras"]
["Agregar nuevo artículo o servicio","No aplica","No aplica",null,"No aplica","No aplica","No aplica",0,"No aplica",null,"SF Tipo 4 - 8433 - MALAMBO - Beneficiarios: 6783","SF Tipo 4 - 8433 - MALAMBO - Beneficiarios: 6783",14280,"UNIDAD",6695,95604600,"CDP No 101416 y Vigencias Futuras"]
["Agregar nuevo artículo o servicio","No aplica","No aplica",null,"No aplica","No aplica","No aplica",0,"No aplica",null,"SF Tipo 4 - 8436 - MANATI - Beneficiarios: 1735","SF Tipo 4 - 8436 - MANATI - Beneficiarios: 1735",3197,"UNIDAD",6695,21403915,"CDP No 101416 y Vigencias Futuras"]
["Agregar nuevo artículo o servicio","No aplica","No aplica",null,"No aplica","No aplica","No aplica",0,"No aplica",null,"SF Tipo 4 - 8520 - PALMAR DE VARELA - Beneficiarios: 1541","SF Tipo 4 - 8520 - PALMAR DE VARELA - Beneficiarios: 1541",2996,"UNIDAD",6695,20058220,"CDP No 101416 y Vigencias Futuras"]
["Agregar nuevo artículo o servicio","No aplica","No aplica",null,"No aplica","No aplica","No aplica",0,"No aplica",null,"SF Tipo 4 - 8549 - PIOJO - Beneficiarios: 589","SF Tipo 4 - 8549 - PIOJO - Beneficiarios: 589",1061,"UNIDAD",6695,7103395,"CDP No 101416 y Vigencias Futuras"]
["Agregar nuevo artículo o servicio","No aplica","No aplica",null,"No aplica","No aplica","No aplica",0,"No aplica",null,"SF Tipo 4 - 8558 - POLONUEVO - Beneficiarios: 1647","SF Tipo 4 - 8558 - POLONUEVO - Beneficiarios: 1647",3067,"UNIDAD",6695,{"$f":"ROUND(M50*O50, 2)","v":20533565},"CDP No 101416 y Vigencias Futuras"]
["Agregar nuevo artículo o servicio","No aplica","No aplica",null,"No aplica","No aplica","No aplica",0,"No aplica",null,"SF Tipo 4 - 8560 - PONEDERA - Beneficiarios: 2552","SF Tipo 4 - 8560 - PONEDERA - Beneficiarios: 2552",4723,"UNIDAD",6695,31620485,"CDP No 101416 y Vigencias Futuras"]
["Agregar nuevo artículo o servicio","No aplica","No aplica",null,"No aplica","No aplica","No aplica",0,"No aplica",null,"SF Tipo 4 - 8573 - PUERTO COLOMBIA - Beneficiarios: 1426","SF Tipo 4 - 8573 - PUERTO COLOMBIA - Beneficiarios: 1426",2897,"UNIDAD",6695,19395415,"CDP No 101416 y Vigencias Futuras"]
["Agregar nuevo artículo o servicio","No aplica","No aplica",null,"No aplica","No aplica","No aplica",0,"No aplica",null,"SF Tipo 4 - 8606 - REPELON - Beneficiarios: 2861","SF Tipo 4 - 8606 - REPELON - Beneficiarios: 2861",5283,"UNIDAD",6695,35369685,"CDP No 101416 y Vigencias Futuras"]
["Agregar nuevo artículo o servicio","No aplica","No aplica",null,"No aplica","No aplica","No aplica",0,"No aplica",null,"SF Tipo 4 - 8634 - SABANAGRANDE - Beneficiarios: 1728","SF Tipo 4 - 8634 - SABANAGRANDE - Beneficiarios: 1728",3876,"UNIDAD",6695,25949820,"CDP No 101416 y Vigencias Futuras"]
["Agregar nuevo artículo o servicio","No aplica","No aplica",null,"No aplica","No aplica","No aplica",0,"No aplica",null,"SF Tipo 4 - 8638 - SABANALARGA - Beneficiarios: 7970","SF Tipo 4 - 8638 - SABANALARGA - Beneficiarios: 7970",14603,"UNIDAD",6695,97767085,"CDP No 101416 y Vigencias Futuras"]
["Agregar nuevo artículo o servicio","No aplica","No aplica",null,"No aplica","No aplica","No aplica",0,"No aplica",null,"SF Tipo 4 - 8675 - SANTA LUCIA - Beneficiarios: 1448","SF Tipo 4 - 8675 - SANTA LUCIA - Beneficiarios: 1448",2684,"UNIDAD",6695,17969380,"CDP No 101416 y Vigencias Futuras"]
["Agregar nuevo artículo o servicio","No aplica","No aplica",null,"No aplica","No aplica","No aplica",0,"No aplica",null,"SF Tipo 4 - 8685 - SANTO TOMAS - Beneficiarios: 1199","SF Tipo 4 - 8685 - SANTO TOMAS - Beneficiarios: 1199",2440,"UNIDAD",6695,16335800,"CDP No 101416 y Vigencias Futuras"]
["Agregar nuevo artículo o servicio","No aplica","No aplica",null,"No aplica","No aplica","No aplica",0,"No aplica",null,"SF Tipo 4 - 8770 - SUAN - Beneficiarios: 834","SF Tipo 4 - 8770 - SUAN - Beneficiarios: 834",1691,"UNIDAD",6695,11321245,"CDP No 101416 y Vigencias Futuras"]
["Agregar nuevo artículo o servicio","No aplica","No aplica",null,"No aplica","No aplica","No aplica",0,"No aplica",null,"SF Tipo 4 - 8832 - TUBARA - Beneficiarios: 1202","SF Tipo 4 - 8832 - TUBARA - Beneficiarios: 1202",2307,"UNIDAD",6695,15445365,"CDP No 101416 y Vigencias Futuras"]
["Agregar nuevo artículo o servicio","No aplica","No aplica",null,"No aplica","No aplica","No aplica",0,"No aplica",null,"SF Tipo 4 - 8849 - USIACURI - Beneficiarios: 818","SF Tipo 4 - 8849 - USIACURI - Beneficiarios: 818",1557,"UNIDAD",6695,10424115,"CDP No 101416 y Vigencias Futuras"]
["Agregar nuevo artículo o servicio","No aplica","No aplica",null,"No aplica","No aplica","No aplica",0,"No aplica",null,"SF Tipo 4 - 15022 - ALMEIDA - Beneficiarios: 92","SF Tipo 4 - 15022 - ALMEIDA - Beneficiarios: 92",170,"UNIDAD",6695,1138150,"CDP No 101416 y Vigencias Futuras"]
["Agregar nuevo artículo o servicio","No aplica","No aplica",null,"No aplica","No aplica","No aplica",0,"No aplica",null,"SF Tipo 4 - 15047 - AQUITANIA - Beneficiarios: 1164","SF Tipo 4 - 15047 - AQUITANIA - Beneficiarios: 1164",2122,"UNIDAD",6695,14206790,"CDP No 101416 y Vigencias Futuras"]
["Agregar nuevo artículo o servicio","No aplica","No aplica",null,"No aplica","No aplica","No aplica",0,"No aplica",null,"SF Tipo 4 - 15051 - ARCABUCO - Beneficiarios: 371","SF Tipo 4 - 15051 - ARCABUCO - Beneficiarios: 371",786,"UNIDAD",6695,5262270,"CDP No 101416 y Vigencias Futuras"]
["Agregar nuevo artículo o servicio","No aplica","No aplica",null,"No aplica","No aplica","No aplica",0,"No aplica",null,"SF Tipo 4 - 15087 - BELEN - Beneficiarios: 403","SF Tipo 4 - 15087 - BELEN - Beneficiarios: 403",793,"UNIDAD",6695,5309135,"CDP No 101416 y Vigencias Futuras"]
["Agregar nuevo artículo o servicio","No aplica","No aplica",null,"No aplica","No aplica","No aplica",0,"No aplica",null,"SF Tipo 4 - 15090 - BERBEO - Beneficiarios: 147","SF Tipo 4 - 15090 - BERBEO - Beneficiarios: 147",268,"UNIDAD",6695,1794260,"CDP No 101416 y Vigencias Futuras"]
["Agregar nuevo artículo o servicio","No aplica","No aplica",null,"No aplica","No aplica","No aplica",0,"No aplica",null,"SF Tipo 4 - 15092 - BETEITIVA - Beneficiarios: 198","SF Tipo 4 - 15092 - BETEITIVA - Beneficiarios: 198",351,"UNIDAD",6695,2349945,"CDP No 101416 y Vigencias Futuras"]
["Agregar nuevo artículo o servicio","No aplica","No aplica",null,"No aplica","No aplica","No aplica",0,"No aplica",null,"SF Tipo 4 - 15097 - BOAVITA - Beneficiarios: 562","SF Tipo 4 - 15097 - BOAVITA - Beneficiarios: 562",962,"UNIDAD",6695,6440590,"CDP No 101416 y Vigencias Futuras"]
["Agregar nuevo artículo o servicio","No aplica","No aplica",null,"No aplica","No aplica","No aplica",0,"No aplica",null,"SF Tipo 4 - 15104 - BOYACA - Beneficiarios: 358","SF Tipo 4 - 15104 - BOYACA - Beneficiarios: 358",685,"UNIDAD",6695,4586075,"CDP No 101416 y Vigencias Futuras"]
["Agregar nuevo artículo o servicio","No aplica","No aplica",null,"No aplica","No aplica","No aplica",0,"No aplica",null,"SF Tipo 4 - 15106 - BRICEÑO - Beneficiarios: 270","SF Tipo 4 - 15106 - BRICEÑO - Beneficiarios: 270",466,"UNIDAD",6695,3119870,"CDP No 101416 y Vigencias Futuras"]
["Agregar nuevo artículo o servicio","No aplica","No aplica",null,"No aplica","No aplica","No aplica",0,"No aplica",null,"SF Tipo 4 - 15109 - BUENAVISTA - Beneficiarios: 438","SF Tipo 4 - 15109 - BUENAVISTA - Beneficiarios: 438",748,"UNIDAD",6695,5007860,"CDP No 101416 y Vigencias Futuras"]
["Agregar nuevo artículo o servicio","No aplica","No aplica",null,"No aplica","No aplica","No aplica",0,"No aplica",null,"SF Tipo 4 - 15114 - BUSBANZA - Beneficiarios: 66","SF Tipo 4 - 15114 - BUSBANZA - Beneficiarios: 66",126,"UNIDAD",6695,843570,"CDP No 101416 y Vigencias Futuras"]
["Agregar nuevo artículo o servicio","No aplica","No aplica",null,"No aplica","No aplica","No aplica",0,"No aplica",null,"SF Tipo 4 - 15131 - CALDAS - Beneficiarios: 403","SF Tipo 4 - 15131 - CALDAS - Beneficiarios: 403",691,"UNIDAD",6695,4626245,"CDP No 101416 y Vigencias Futuras"]
["Agregar nuevo artículo o servicio","No aplica","No aplica",null,"No aplica","No aplica","No aplica",0,"No aplica",null,"SF Tipo 4 - 15135 - CAMPOHERMOSO - Beneficiarios: 298","SF Tipo 4 - 15135 - CAMPOHERMOSO - Beneficiarios: 298",504,"UNIDAD",6695,3374280,"CDP No 101416 y Vigencias Futuras"]
["Agregar nuevo artículo o servicio","No aplica","No aplica",null,"No aplica","No aplica","No aplica",0,"No aplica",null,"SF Tipo 4 - 15162 - CERINZA - Beneficiarios: 198","SF Tipo 4 - 15162 - CERINZA - Beneficiarios: 198",362,"UNIDAD",6695,2423590,"CDP No 101416 y Vigencias Futuras"]
["Agregar nuevo artículo o servicio","No aplica","No aplica",null,"No aplica","No aplica","No aplica",0,"No aplica",null,"SF Tipo 4 - 15172 - CHINAVITA - Beneficiarios: 185","SF Tipo 4 - 15172 - CHINAVITA - Beneficiarios: 185",336,"UNIDAD",6695,2249520,"CDP No 101416 y Vigencias Futuras"]
["Agregar nuevo artículo o servicio","No aplica","No aplica",null,"No aplica","No aplica","No aplica",0,"No aplica",null,"SF Tipo 4 - 15176 - CHIQUINQUIRA - Beneficiarios: 3348","SF Tipo 4 - 15176 - CHIQUINQUIRA - Beneficiarios: 3348",6258,"UNIDAD",6695,41897310,"CDP No 101416 y Vigencias Futuras"]
["Agregar nuevo artículo o servicio","No aplica","No aplica",null,"No aplica","No aplica","No aplica",0,"No aplica",null,"SF Tipo 4 - 15180 - CHISCAS - Beneficiarios: 433","SF Tipo 4 - 15180 - CHISCAS - Beneficiarios: 433",723,"UNIDAD",6695,4840485,"CDP No 101416 y Vigencias Futuras"]
["Agregar nuevo artículo o servicio","No aplica","No aplica",null,"No aplica","No aplica","No aplica",0,"No aplica",null,"SF Tipo 4 - 15183 - CHITA - Beneficiarios: 1154","SF Tipo 4 - 15183 - CHITA - Beneficiarios: 1154",2115,"UNIDAD",6695,14159925,"CDP No 101416 y Vigencias Futuras"]
["Agregar nuevo artículo o servicio","No aplica","No aplica",null,"No aplica","No aplica","No aplica",0,"No aplica",null,"SF Tipo 4 - 15185 - CHITARAQUE - Beneficiarios: 593","SF Tipo 4 - 15185 - CHITARAQUE - Beneficiarios: 593",1021,"UNIDAD",6695,6835595,"CDP No 101416 y Vigencias Futuras"]
["Agregar nuevo artículo o servicio","No aplica","No aplica",null,"No aplica","No aplica","No aplica",0,"No aplica",null,"SF Tipo 4 - 15187 - CHIVATA - Beneficiarios: 231","SF Tipo 4 - 15187 - CHIVATA - Beneficiarios: 231",441,"UNIDAD",6695,2952495,"CDP No 101416 y Vigencias Futuras"]
["Agregar nuevo artículo o servicio","No aplica","No aplica",null,"No aplica","No aplica","No aplica",0,"No aplica",null,"SF Tipo 4 - 15189 - CIENEGA - Beneficiarios: 331","SF Tipo 4 - 15189 - CIENEGA - Beneficiarios: 331",556,"UNIDAD",6695,3722420,"CDP No 101416 y Vigencias Futuras"]
["Agregar nuevo artículo o servicio","No aplica","No aplica",null,"No aplica","No aplica","No aplica",0,"No aplica",null,"SF Tipo 4 - 15204 - COMBITA - Beneficiarios: 654","SF Tipo 4 - 15204 - COMBITA - Beneficiarios: 654",1301,"UNIDAD",6695,8710195,"CDP No 101416 y Vigencias Futuras"]
["Agregar nuevo artículo o servicio","No aplica","No aplica",null,"No aplica","No aplica","No aplica",0,"No aplica",null,"SF Tipo 4 - 15212 - COPER - Beneficiarios: 326","SF Tipo 4 - 15212 - COPER - Beneficiarios: 326",597,"UNIDAD",6695,3996915,"CDP No 101416 y Vigencias Futuras"]
["Agregar nuevo artículo o servicio","No aplica","No aplica",null,"No aplica","No aplica","No aplica",0,"No aplica",null,"SF Tipo 4 - 15215 - CORRALES - Beneficiarios: 124","SF Tipo 4 - 15215 - CORRALES - Beneficiarios: 124",231,"UNIDAD",6695,1546545,"CDP No 101416 y Vigencias Futuras"]
["Agregar nuevo artículo o servicio","No aplica","No aplica",null,"No aplica","No aplica","No aplica",0,"No aplica",null,"SF Tipo 4 - 15218 - COVARACHIA - Beneficiarios: 260","SF Tipo 4 - 15218 - COVARACHIA - Beneficiarios: 260",456,"UNIDAD",6695,3052920,"CDP No 101416 y Vigencias Futuras"]
["Agregar nuevo artículo o servicio","No aplica","No aplica",null,"No aplica","No aplica","No aplica",0,"No aplica",null,"SF Tipo 4 - 15223 - CUBARA - Beneficiarios: 577","SF Tipo 4 - 15223 - CUBARA - Beneficiarios: 577",1002,"UNIDAD",6695,6708390,"CDP No 101416 y Vigencias Futuras"]
["Agregar nuevo artículo o servicio","No aplica","No aplica",null,"No aplica","No aplica","No aplica",0,"No aplica",null,"SF Tipo 4 - 15224 - CUCAITA - Beneficiarios: 416","SF Tipo 4 - 15224 - CUCAITA - Beneficiarios: 416",761,"UNIDAD",6695,5094895,"CDP No 101416 y Vigencias Futuras"]
["Agregar nuevo artículo o servicio","No aplica","No aplica",null,"No aplica","No aplica","No aplica",0,"No aplica",null,"SF Tipo 4 - 15226 - CUITIVA - Beneficiarios: 151","SF Tipo 4 - 15226 - CUITIVA - Beneficiarios: 151",242,"UNIDAD",6695,1620190,"CDP No 101416 y Vigencias Futuras"]
["Agregar nuevo artículo o servicio","No aplica","No aplica",null,"No aplica","No aplica","No aplica",0,"No aplica",null,"SF Tipo 4 - 15232 - CHIQUIZA - Beneficiarios: 698","SF Tipo 4 - 15232 - CHIQUIZA - Beneficiarios: 698",1281,"UNIDAD",6695,8576295,"CDP No 101416 y Vigencias Futuras"]
["Agregar nuevo artículo o servicio","No aplica","No aplica",null,"No aplica","No aplica","No aplica",0,"No aplica",null,"SF Tipo 4 - 15236 - CHIVOR - Beneficiarios: 102","SF Tipo 4 - 15236 - CHIVOR - Beneficiarios: 102",202,"UNIDAD",6695,1352390,"CDP No 101416 y Vigencias Futuras"]
["Agregar nuevo artículo o servicio","No aplica","No aplica",null,"No aplica","No aplica","No aplica",0,"No aplica",null,"SF Tipo 4 - 15238 - DUITAMA - Beneficiarios: 1817","SF Tipo 4 - 15238 - DUITAMA - Beneficiarios: 1817",3596,"UNIDAD",6695,24075220,"CDP No 101416 y Vigencias Futuras"]
["Agregar nuevo artículo o servicio","No aplica","No aplica",null,"No aplica","No aplica","No aplica",0,"No aplica",null,"SF Tipo 4 - 15244 - EL COCUY - Beneficiarios: 403","SF Tipo 4 - 15244 - EL COCUY - Beneficiarios: 403",758,"UNIDAD",6695,5074810,"CDP No 101416 y Vigencias Futuras"]
["Agregar nuevo artículo o servicio","No aplica","No aplica",null,"No aplica","No aplica","No aplica",0,"No aplica",null,"SF Tipo 4 - 15248 - EL ESPINO - Beneficiarios: 259","SF Tipo 4 - 15248 - EL ESPINO - Beneficiarios: 259",473,"UNIDAD",6695,3166735,"CDP No 101416 y Vigencias Futuras"]
["Agregar nuevo artículo o servicio","No aplica","No aplica",null,"No aplica","No aplica","No aplica",0,"No aplica",null,"SF Tipo 4 - 15272 - FIRAVITOBA - Beneficiarios: 341","SF Tipo 4 - 15272 - FIRAVITOBA - Beneficiarios: 341",735,"UNIDAD",6695,4920825,"CDP No 101416 y Vigencias Futuras"]
["Agregar nuevo artículo o servicio","No aplica","No aplica",null,"No aplica","No aplica","No aplica",0,"No aplica",null,"SF Tipo 4 - 15276 - FLORESTA - Beneficiarios: 271","SF Tipo 4 - 15276 - FLORESTA - Beneficiarios: 271",494,"UNIDAD",6695,3307330,"CDP No 101416 y Vigencias Futuras"]
["Agregar nuevo artículo o servicio","No aplica","No aplica",null,"No aplica","No aplica","No aplica",0,"No aplica",null,"SF Tipo 4 - 15293 - GACHANTIVA - Beneficiarios: 349","SF Tipo 4 - 15293 - GACHANTIVA - Beneficiarios: 349",653,"UNIDAD",6695,4371835,"CDP No 101416 y Vigencias Futuras"]
["Agregar nuevo artículo o servicio","No aplica","No aplica",null,"No aplica","No aplica","No aplica",0,"No aplica",null,"SF Tipo 4 - 15296 - GAMEZA - Beneficiarios: 413","SF Tipo 4 - 15296 - GAMEZA - Beneficiarios: 413",770,"UNIDAD",6695,5155150,"CDP No 101416 y Vigencias Futuras"]
["Agregar nuevo artículo o servicio","No aplica","No aplica",null,"No aplica","No aplica","No aplica",0,"No aplica",null,"SF Tipo 4 - 15299 - GARAGOA - Beneficiarios: 569","SF Tipo 4 - 15299 - GARAGOA - Beneficiarios: 569",1055,"UNIDAD",6695,7063225,"CDP No 101416 y Vigencias Futuras"]
["Agregar nuevo artículo o servicio","No aplica","No aplica",null,"No aplica","No aplica","No aplica",0,"No aplica",null,"SF Tipo 4 - 15317 - GUACAMAYAS - Beneficiarios: 142","SF Tipo 4 - 15317 - GUACAMAYAS - Beneficiarios: 142",264,"UNIDAD",6695,1767480,"CDP No 101416 y Vigencias Futuras"]
["Agregar nuevo artículo o servicio","No aplica","No aplica",null,"No aplica","No aplica","No aplica",0,"No aplica",null,"SF Tipo 4 - 15322 - GUATEQUE - Beneficiarios: 314","SF Tipo 4 - 15322 - GUATEQUE - Beneficiarios: 314",571,"UNIDAD",6695,3822845,"CDP No 101416 y Vigencias Futuras"]
["Agregar nuevo artículo o servicio","No aplica","No aplica",null,"No aplica","No aplica","No aplica",0,"No aplica",null,"SF Tipo 4 - 15325 - GUAYATA - Beneficiarios: 180","SF Tipo 4 - 15325 - GUAYATA - Beneficiarios: 180",317,"UNIDAD",6695,2122315,"CDP No 101416 y Vigencias Futuras"]
["Agregar nuevo artículo o servicio","No aplica","No aplica",null,"No aplica","No aplica","No aplica",0,"No aplica",null,"SF Tipo 4 - 15332 - GsICAN - Beneficiarios: 318","SF Tipo 4 - 15332 - GsICAN - Beneficiarios: 318",540,"UNIDAD",6695,3615300,"CDP No 101416 y Vigencias Futuras"]
["Agregar nuevo artículo o servicio","No aplica","No aplica",null,"No aplica","No aplica","No aplica",0,"No aplica",null,"SF Tipo 4 - 15362 - IZA - Beneficiarios: 141","SF Tipo 4 - 15362 - IZA - Beneficiarios: 141",248,"UNIDAD",6695,1660360,"CDP No 101416 y Vigencias Futuras"]
["Agregar nuevo artículo o servicio","No aplica","No aplica",null,"No aplica","No aplica","No aplica",0,"No aplica",null,"SF Tipo 4 - 15367 - JENESANO - Beneficiarios: 427","SF Tipo 4 - 15367 - JENESANO - Beneficiarios: 427",662,"UNIDAD",6695,4432090,"CDP No 101416 y Vigencias Futuras"]
["Agregar nuevo artículo o servicio","No aplica","No aplica",null,"No aplica","No aplica","No aplica",0,"No aplica",null,"SF Tipo 4 - 15368 - JERICO - Beneficiarios: 504","SF Tipo 4 - 15368 - JERICO - Beneficiarios: 504",867,"UNIDAD",6695,5804565,"CDP No 101416 y Vigencias Futuras"]
["Agregar nuevo artículo o servicio","No aplica","No aplica",null,"No aplica","No aplica","No aplica",0,"No aplica",null,"SF Tipo 4 - 15377 - LABRANZAGRANDE - Beneficiarios: 424","SF Tipo 4 - 15377 - LABRANZAGRANDE - Beneficiarios: 424",723,"UNIDAD",6695,4840485,"CDP No 101416 y Vigencias Futuras"]
["Agregar nuevo artículo o servicio","No aplica","No aplica",null,"No aplica","No aplica","No aplica",0,"No aplica",null,"SF Tipo 4 - 15380 - LA CAPILLA - Beneficiarios: 105","SF Tipo 4 - 15380 - LA CAPILLA - Beneficiarios: 105",233,"UNIDAD",6695,1559935,"CDP No 101416 y Vigencias Futuras"]
["Agregar nuevo artículo o servicio","No aplica","No aplica",null,"No aplica","No aplica","No aplica",0,"No aplica",null,"SF Tipo 4 - 15401 - LA VICTORIA - Beneficiarios: 157","SF Tipo 4 - 15401 - LA VICTORIA - Beneficiarios: 157",260,"UNIDAD",6695,1740700,"CDP No 101416 y Vigencias Futuras"]
["Agregar nuevo artículo o servicio","No aplica","No aplica",null,"No aplica","No aplica","No aplica",0,"No aplica",null,"SF Tipo 4 - 15403 - LA UVITA - Beneficiarios: 218","SF Tipo 4 - 15403 - LA UVITA - Beneficiarios: 218",403,"UNIDAD",6695,2698085,"CDP No 101416 y Vigencias Futuras"]
["Agregar nuevo artículo o servicio","No aplica","No aplica",null,"No aplica","No aplica","No aplica",0,"No aplica",null,"SF Tipo 4 - 15407 - VILLA DE LEYVA - Beneficiarios: 458","SF Tipo 4 - 15407 - VILLA DE LEYVA - Beneficiarios: 458",1038,"UNIDAD",6695,6949410,"CDP No 101416 y Vigencias Futuras"]
["Agregar nuevo artículo o servicio","No aplica","No aplica",null,"No aplica","No aplica","No aplica",0,"No aplica",null,"SF Tipo 4 - 15425 - MACANAL - Beneficiarios: 328","SF Tipo 4 - 15425 - MACANAL - Beneficiarios: 328",594,"UNIDAD",6695,3976830,"CDP No 101416 y Vigencias Futuras"]
["Agregar nuevo artículo o servicio","No aplica","No aplica",null,"No aplica","No aplica","No aplica",0,"No aplica",null,"SF Tipo 4 - 15442 - MARIPI - Beneficiarios: 843","SF Tipo 4 - 15442 - MARIPI - Beneficiarios: 843",1531,"UNIDAD",6695,10250045,"CDP No 101416 y Vigencias Futuras"]
["Agregar nuevo artículo o servicio","No aplica","No aplica",null,"No aplica","No aplica","No aplica",0,"No aplica",null,"SF Tipo 4 - 15455 - MIRAFLORES - Beneficiarios: 540","SF Tipo 4 - 15455 - MIRAFLORES - Beneficiarios: 540",993,"UNIDAD",6695,6648135,"CDP No 101416 y Vigencias Futuras"]
["Agregar nuevo artículo o servicio","No aplica","No aplica",null,"No aplica","No aplica","No aplica",0,"No aplica",null,"SF Tipo 4 - 15464 - MONGUA - Beneficiarios: 522","SF Tipo 4 - 15464 - MONGUA - Beneficiarios: 522",995,"UNIDAD",6695,{"$f":"ROUND(M114*O114, 2)","v":6661525},"CDP No 101416 y Vigencias Futuras"]
["Agregar nuevo artículo o servicio","No aplica","No aplica",null,"No aplica","No aplica","No aplica",0,"No aplica",null,"SF Tipo 4 - 15466 - MONGUI - Beneficiarios: 178","SF Tipo 4 - 15466 - MONGUI - Beneficiarios: 178",330,"UNIDAD",6695,2209350,"CDP No 101416 y Vigencias Futuras"]
["Agregar nuevo artículo o servicio","No aplica","No aplica",null,"No aplica","No aplica","No aplica",0,"No aplica",null,"SF Tipo 4 - 15469 - MONIQUIRA - Beneficiarios: 1394","SF Tipo 4 - 15469 - MONIQUIRA - Beneficiarios: 1394",3043,"UNIDAD",6695,20372885,"CDP No 101416 y Vigencias Futuras"]
["Agregar nuevo artículo o servicio","No aplica","No aplica",null,"No aplica","No aplica","No aplica",0,"No aplica",null,"SF Tipo 4 - 15476 - MOTAVITA - Beneficiarios: 594","SF Tipo 4 - 15476 - MOTAVITA - Beneficiarios: 594",1163,"UNIDAD",6695,7786285,"CDP No 101416 y Vigencias Futuras"]
["Agregar nuevo artículo o servicio","No aplica","No aplica",null,"No aplica","No aplica","No aplica",0,"No aplica",null,"SF Tipo 4 - 15480 - MUZO - Beneficiarios: 925","SF Tipo 4 - 15480 - MUZO - Beneficiarios: 925",1788,"UNIDAD",6695,11970660,"CDP No 101416 y Vigencias Futuras"]
["Agregar nuevo artículo o servicio","No aplica","No aplica",null,"No aplica","No aplica","No aplica",0,"No aplica",null,"SF Tipo 4 - 15491 - NOBSA - Beneficiarios: 319","SF Tipo 4 - 15491 - NOBSA - Beneficiarios: 319",680,"UNIDAD",6695,4552600,"CDP No 101416 y Vigencias Futuras"]
["Agregar nuevo artículo o servicio","No aplica","No aplica",null,"No aplica","No aplica","No aplica",0,"No aplica",null,"SF Tipo 4 - 15494 - NUEVO COLON - Beneficiarios: 333","SF Tipo 4 - 15494 - NUEVO COLON - Beneficiarios: 333",571,"UNIDAD",6695,3822845,"CDP No 101416 y Vigencias Futuras"]
["Agregar nuevo artículo o servicio","No aplica","No aplica",null,"No aplica","No aplica","No aplica",0,"No aplica",null,"SF Tipo 4 - 15500 - OICATA - Beneficiarios: 132","SF Tipo 4 - 15500 - OICATA - Beneficiarios: 132",233,"UNIDAD",6695,1559935,"CDP No 101416 y Vigencias Futuras"]
["Agregar nuevo artículo o servicio","No aplica","No aplica",null,"No aplica","No aplica","No aplica",0,"No aplica",null,"SF Tipo 4 - 15507 - OTANCHE - Beneficiarios: 955","SF Tipo 4 - 15507 - OTANCHE - Beneficiarios: 955",1779,"UNIDAD",6695,11910405,"CDP No 101416 y Vigencias Futuras"]
["Agregar nuevo artículo o servicio","No aplica","No aplica",null,"No aplica","No aplica","No aplica",0,"No aplica",null,"SF Tipo 4 - 15511 - PACHAVITA - Beneficiarios: 131","SF Tipo 4 - 15511 - PACHAVITA - Beneficiarios: 131",266,"UNIDAD",6695,1780870,"CDP No 101416 y Vigencias Futuras"]
["Agregar nuevo artículo o servicio","No aplica","No aplica",null,"No aplica","No aplica","No aplica",0,"No aplica",null,"SF Tipo 4 - 15514 - PAEZ - Beneficiarios: 236","SF Tipo 4 - 15514 - PAEZ - Beneficiarios: 236",453,"UNIDAD",6695,3032835,"CDP No 101416 y Vigencias Futuras"]
["Agregar nuevo artículo o servicio","No aplica","No aplica",null,"No aplica","No aplica","No aplica",0,"No aplica",null,"SF Tipo 4 - 15516 - PAIPA - Beneficiarios: 1236","SF Tipo 4 - 15516 - PAIPA - Beneficiarios: 1236",2448,"UNIDAD",6695,16389360,"CDP No 101416 y Vigencias Futuras"]
["Agregar nuevo artículo o servicio","No aplica","No aplica",null,"No aplica","No aplica","No aplica",0,"No aplica",null,"SF Tipo 4 - 15518 - PAJARITO - Beneficiarios: 223","SF Tipo 4 - 15518 - PAJARITO - Beneficiarios: 223",404,"UNIDAD",6695,2704780,"CDP No 101416 y Vigencias Futuras"]
["Agregar nuevo artículo o servicio","No aplica","No aplica",null,"No aplica","No aplica","No aplica",0,"No aplica",null,"SF Tipo 4 - 15522 - PANQUEBA - Beneficiarios: 95","SF Tipo 4 - 15522 - PANQUEBA - Beneficiarios: 95",190,"UNIDAD",6695,1272050,"CDP No 101416 y Vigencias Futuras"]
["Agregar nuevo artículo o servicio","No aplica","No aplica",null,"No aplica","No aplica","No aplica",0,"No aplica",null,"SF Tipo 4 - 15531 - PAUNA - Beneficiarios: 866","SF Tipo 4 - 15531 - PAUNA - Beneficiarios: 866",1654,"UNIDAD",6695,11073530,"CDP No 101416 y Vigencias Futuras"]
["Agregar nuevo artículo o servicio","No aplica","No aplica",null,"No aplica","No aplica","No aplica",0,"No aplica",null,"SF Tipo 4 - 15533 - PAYA - Beneficiarios: 270","SF Tipo 4 - 15533 - PAYA - Beneficiarios: 270",513,"UNIDAD",6695,3434535,"CDP No 101416 y Vigencias Futuras"]
["Agregar nuevo artículo o servicio","No aplica","No aplica",null,"No aplica","No aplica","No aplica",0,"No aplica",null,"SF Tipo 4 - 15537 - PAZ DE RIO - Beneficiarios: 192","SF Tipo 4 - 15537 - PAZ DE RIO - Beneficiarios: 192",346,"UNIDAD",6695,2316470,"CDP No 101416 y Vigencias Futuras"]
["Agregar nuevo artículo o servicio","No aplica","No aplica",null,"No aplica","No aplica","No aplica",0,"No aplica",null,"SF Tipo 4 - 15542 - PESCA - Beneficiarios: 643","SF Tipo 4 - 15542 - PESCA - Beneficiarios: 643",1235,"UNIDAD",6695,8268325,"CDP No 101416 y Vigencias Futuras"]
["Agregar nuevo artículo o servicio","No aplica","No aplica",null,"No aplica","No aplica","No aplica",0,"No aplica",null,"SF Tipo 4 - 15550 - PISBA - Beneficiarios: 206","SF Tipo 4 - 15550 - PISBA - Beneficiarios: 206",376,"UNIDAD",6695,2517320,"CDP No 101416 y Vigencias Futuras"]
["Agregar nuevo artículo o servicio","No aplica","No aplica",null,"No aplica","No aplica","No aplica",0,"No aplica",null,"SF Tipo 4 - 15572 - PUERTO BOYACA - Beneficiarios: 3814","SF Tipo 4 - 15572 - PUERTO BOYACA - Beneficiarios: 3814",7605,"UNIDAD",6695,50915475,"CDP No 101416 y Vigencias Futuras"]
["Agregar nuevo artículo o servicio","No aplica","No aplica",null,"No aplica","No aplica","No aplica",0,"No aplica",null,"SF Tipo 4 - 15580 - QUIPAMA - Beneficiarios: 480","SF Tipo 4 - 15580 - QUIPAMA - Beneficiarios: 480",828,"UNIDAD",6695,5543460,"CDP No 101416 y Vigencias Futuras"]
["Agregar nuevo artículo o servicio","No aplica","No aplica",null,"No aplica","No aplica","No aplica",0,"No aplica",null,"SF Tipo 4 - 15599 - RAMIRIQUI - Beneficiarios: 855","SF Tipo 4 - 15599 - RAMIRIQUI - Beneficiarios: 855",1622,"UNIDAD",6695,10859290,"CDP No 101416 y Vigencias Futuras"]
["Agregar nuevo artículo o servicio","No aplica","No aplica",null,"No aplica","No aplica","No aplica",0,"No aplica",null,"SF Tipo 4 - 15600 - RAQUIRA - Beneficiarios: 591","SF Tipo 4 - 15600 - RAQUIRA - Beneficiarios: 591",1099,"UNIDAD",6695,7357805,"CDP No 101416 y Vigencias Futuras"]
["Agregar nuevo artículo o servicio","No aplica","No aplica",null,"No aplica","No aplica","No aplica",0,"No aplica",null,"SF Tipo 4 - 15621 - RONDON - Beneficiarios: 318","SF Tipo 4 - 15621 - RONDON - Beneficiarios: 318",563,"UNIDAD",6695,3769285,"CDP No 101416 y Vigencias Futuras"]
["Agregar nuevo artículo o servicio","No aplica","No aplica",null,"No aplica","No aplica","No aplica",0,"No aplica",null,"SF Tipo 4 - 15632 - SABOYA - Beneficiarios: 1224","SF Tipo 4 - 15632 - SABOYA - Beneficiarios: 1224",2269,"UNIDAD",6695,15190955,"CDP No 101416 y Vigencias Futuras"]
["Agregar nuevo artículo o servicio","No aplica","No aplica",null,"No aplica","No aplica","No aplica",0,"No aplica",null,"SF Tipo 4 - 15638 - SACHICA - Beneficiarios: 308","SF Tipo 4 - 15638 - SACHICA - Beneficiarios: 308",696,"UNIDAD",6695,4659720,"CDP No 101416 y Vigencias Futuras"]
["Agregar nuevo artículo o servicio","No aplica","No aplica",null,"No aplica","No aplica","No aplica",0,"No aplica",null,"SF Tipo 4 - 15646 - SAMACA - Beneficiarios: 1428","SF Tipo 4 - 15646 - SAMACA - Beneficiarios: 1428",2905,"UNIDAD",6695,19448975,"CDP No 101416 y Vigencias Futuras"]
["Agregar nuevo artículo o servicio","No aplica","No aplica",null,"No aplica","No aplica","No aplica",0,"No aplica",null,"SF Tipo 4 - 15660 - SAN EDUARDO - Beneficiarios: 116","SF Tipo 4 - 15660 - SAN EDUARDO - Beneficiarios: 116",208,"UNIDAD",6695,1392560,"CDP No 101416 y Vigencias Futuras"]
["Agregar nuevo artículo o servicio","No aplica","No aplica",null,"No aplica","No aplica","No aplica",0,"No aplica",null,"SF Tipo 4 - 15664 - SAN JOSE DE PARE - Beneficiarios: 498","SF Tipo 4 - 15664 - SAN JOSE DE PARE - Beneficiarios: 498",924,"UNIDAD",6695,6186180,"CDP No 101416 y Vigencias Futuras"]
["Agregar nuevo artículo o servicio","No aplica","No aplica",null,"No aplica","No aplica","No aplica",0,"No aplica",null,"SF Tipo 4 - 15667 - SAN LUIS DE GACENO - Beneficiarios: 507","SF Tipo 4 - 15667 - SAN LUIS DE GACENO - Beneficiarios: 507",922,"UNIDAD",6695,6172790,"CDP No 101416 y Vigencias Futuras"]
["Agregar nuevo artículo o servicio","No aplica","No aplica",null,"No aplica","No aplica","No aplica",0,"No aplica",null,"SF Tipo 4 - 15673 - SAN MATEO - Beneficiarios: 366","SF Tipo 4 - 15673 - SAN MATEO - Beneficiarios: 366",668,"UNIDAD",6695,4472260,"CDP No 101416 y Vigencias Futuras"]
["Agregar nuevo artículo o servicio","No aplica","No aplica",null,"No aplica","No aplica","No aplica",0,"No aplica",null,"SF Tipo 4 - 15676 - SAN MIGUEL DE SEMA - Beneficiarios: 178","SF Tipo 4 - 15676 - SAN MIGUEL DE SEMA - Beneficiarios: 178",366,"UNIDAD",6695,2450370,"CDP No 101416 y Vigencias Futuras"]
["Agregar nuevo artículo o servicio","No aplica","No aplica",null,"No aplica","No aplica","No aplica",0,"No aplica",null,"SF Tipo 4 - 15681 - SAN PABLO DE BORBUR - Beneficiarios: 850","SF Tipo 4 - 15681 - SAN PABLO DE BORBUR - Beneficiarios: 850",1521,"UNIDAD",6695,10183095,"CDP No 101416 y Vigencias Futuras"]
["Agregar nuevo artículo o servicio","No aplica","No aplica",null,"No aplica","No aplica","No aplica",0,"No aplica",null,"SF Tipo 4 - 15686 - SANTANA - Beneficiarios: 760","SF Tipo 4 - 15686 - SANTANA - Beneficiarios: 760",1417,"UNIDAD",6695,9486815,"CDP No 101416 y Vigencias Futuras"]
["Agregar nuevo artículo o servicio","No aplica","No aplica",null,"No aplica","No aplica","No aplica",0,"No aplica",null,"SF Tipo 4 - 15690 - SANTA MARIA - Beneficiarios: 284","SF Tipo 4 - 15690 - SANTA MARIA - Beneficiarios: 284",508,"UNIDAD",6695,3401060,"CDP No 101416 y Vigencias Futuras"]
["Agregar nuevo artículo o servicio","No aplica","No aplica",null,"No aplica","No aplica","No aplica",0,"No aplica",null,"SF Tipo 4 - 15693 - SANTA ROSA DE VITERBO - Beneficiarios: 266","SF Tipo 4 - 15693 - SANTA ROSA DE VITERBO - Beneficiarios: 266",572,"UNIDAD",6695,3829540,"CDP No 101416 y Vigencias Futuras"]
["Agregar nuevo artículo o servicio","No aplica","No aplica",null,"No aplica","No aplica","No aplica",0,"No aplica",null,"SF Tipo 4 - 15696 - SANTA SOFIA - Beneficiarios: 192","SF Tipo 4 - 15696 - SANTA SOFIA - Beneficiarios: 192",376,"UNIDAD",6695,2517320,"CDP No 101416 y Vigencias Futuras"]
["Agregar nuevo artículo o servicio","No aplica","No aplica",null,"No aplica","No aplica","No aplica",0,"No aplica",null,"SF Tipo 4 - 15720 - SATIVANORTE - Beneficiarios: 185","SF Tipo 4 - 15720 - SATIVANORTE - Beneficiarios: 185",336,"UNIDAD",6695,2249520,"CDP No 101416 y Vigencias Futuras"]
["Agregar nuevo artículo o servicio","No aplica","No aplica",null,"No aplica","No aplica","No aplica",0,"No aplica",null,"SF Tipo 4 - 15723 - SATIVASUR - Beneficiarios: 103","SF Tipo 4 - 15723 - SATIVASUR - Beneficiarios: 103",186,"UNIDAD",6695,1245270,"CDP No 101416 y Vigencias Futuras"]
["Agregar nuevo artículo o servicio","No aplica","No aplica",null,"No aplica","No aplica","No aplica",0,"No aplica",null,"SF Tipo 4 - 15740 - SIACHOQUE - Beneficiarios: 651","SF Tipo 4 - 15740 - SIACHOQUE - Beneficiarios: 651",1303,"UNIDAD",6695,8723585,"CDP No 101416 y Vigencias Futuras"]
["Agregar nuevo artículo o servicio","No aplica","No aplica",null,"No aplica","No aplica","No aplica",0,"No aplica",null,"SF Tipo 4 - 15753 - SOATA - Beneficiarios: 660","SF Tipo 4 - 15753 - SOATA - Beneficiarios: 660",1187,"UNIDAD",6695,7946965,"CDP No 101416 y Vigencias Futuras"]
["Agregar nuevo artículo o servicio","No aplica","No aplica",null,"No aplica","No aplica","No aplica",0,"No aplica",null,"SF Tipo 4 - 15755 - SOCOTA - Beneficiarios: 853","SF Tipo 4 - 15755 - SOCOTA - Beneficiarios: 853",1527,"UNIDAD",6695,10223265,"CDP No 101416 y Vigencias Futuras"]
["Agregar nuevo artículo o servicio","No aplica","No aplica",null,"No aplica","No aplica","No aplica",0,"No aplica",null,"SF Tipo 4 - 15757 - SOCHA - Beneficiarios: 365","SF Tipo 4 - 15757 - SOCHA - Beneficiarios: 365",730,"UNIDAD",6695,4887350,"CDP No 101416 y Vigencias Futuras"]
["Agregar nuevo artículo o servicio","No aplica","No aplica",null,"No aplica","No aplica","No aplica",0,"No aplica",null,"SF Tipo 4 - 15759 - SOGAMOSO - Beneficiarios: 2693","SF Tipo 4 - 15759 - SOGAMOSO - Beneficiarios: 2693",5503,"UNIDAD",6695,36842585,"CDP No 101416 y Vigencias Futuras"]
["Agregar nuevo artículo o servicio","No aplica","No aplica",null,"No aplica","No aplica","No aplica",0,"No aplica",null,"SF Tipo 4 - 15761 - SOMONDOCO - Beneficiarios: 156","SF Tipo 4 - 15761 - SOMONDOCO - Beneficiarios: 156",282,"UNIDAD",6695,1887990,"CDP No 101416 y Vigencias Futuras"]
["Agregar nuevo artículo o servicio","No aplica","No aplica",null,"No aplica","No aplica","No aplica",0,"No aplica",null,"SF Tipo 4 - 15762 - SORA - Beneficiarios: 327","SF Tipo 4 - 15762 - SORA - Beneficiarios: 327",619,"UNIDAD",6695,4144205,"CDP No 101416 y Vigencias Futuras"]
["Agregar nuevo artículo o servicio","No aplica","No aplica",null,"No aplica","No aplica","No aplica",0,"No aplica",null,"SF Tipo 4 - 15763 - SOTAQUIRA - Beneficiarios: 667","SF Tipo 4 - 15763 - SOTAQUIRA - Beneficiarios: 667",1258,"UNIDAD",6695,8422310,"CDP No 101416 y Vigencias Futuras"]
["Agregar nuevo artículo o servicio","No aplica","No aplica",null,"No aplica","No aplica","No aplica",0,"No aplica",null,"SF Tipo 4 - 15764 - SORACA - Beneficiarios: 428","SF Tipo 4 - 15764 - SORACA - Beneficiarios: 428",1094,"UNIDAD",6695,7324330,"CDP No 101416 y Vigencias Futuras"]
["Agregar nuevo artículo o servicio","No aplica","No aplica",null,"No aplica","No aplica","No aplica",0,"No aplica",null,"SF Tipo 4 - 15774 - SUSACON - Beneficiarios: 194","SF Tipo 4 - 15774 - SUSACON - Beneficiarios: 194",357,"UNIDAD",6695,2390115,"CDP No 101416 y Vigencias Futuras"]
["Agregar nuevo artículo o servicio","No aplica","No aplica",null,"No aplica","No aplica","No aplica",0,"No aplica",null,"SF Tipo 4 - 15776 - SUTAMARCHAN - Beneficiarios: 537","SF Tipo 4 - 15776 - SUTAMARCHAN - Beneficiarios: 537",989,"UNIDAD",6695,6621355,"CDP No 101416 y Vigencias Futuras"]
["Agregar nuevo artículo o servicio","No aplica","No aplica",null,"No aplica","No aplica","No aplica",0,"No aplica",null,"SF Tipo 4 - 15778 - SUTATENZA - Beneficiarios: 321","SF Tipo 4 - 15778 - SUTATENZA - Beneficiarios: 321",592,"UNIDAD",6695,3963440,"CDP No 101416 y Vigencias Futuras"]
["Agregar nuevo artículo o servicio","No aplica","No aplica",null,"No aplica","No aplica","No aplica",0,"No aplica",null,"SF Tipo 4 - 15790 - TASCO - Beneficiarios: 430","SF Tipo 4 - 15790 - TASCO - Beneficiarios: 430",801,"UNIDAD",6695,5362695,"CDP No 101416 y Vigencias Futuras"]
["Agregar nuevo artículo o servicio","No aplica","No aplica",null,"No aplica","No aplica","No aplica",0,"No aplica",null,"SF Tipo 4 - 15798 - TENZA - Beneficiarios: 249","SF Tipo 4 - 15798 - TENZA - Beneficiarios: 249",464,"UNIDAD",6695,3106480,"CDP No 101416 y Vigencias Futuras"]
["Agregar nuevo artículo o servicio","No aplica","No aplica",null,"No aplica","No aplica","No aplica",0,"No aplica",null,"SF Tipo 4 - 15804 - TIBANA - Beneficiarios: 643","SF Tipo 4 - 15804 - TIBANA - Beneficiarios: 643",1071,"UNIDAD",6695,7170345,"CDP No 101416 y Vigencias Futuras"]
["Agregar nuevo artículo o servicio","No aplica","No aplica",null,"No aplica","No aplica","No aplica",0,"No aplica",null,"SF Tipo 4 - 15806 - TIBASOSA - Beneficiarios: 301","SF Tipo 4 - 15806 - TIBASOSA - Beneficiarios: 301",749,"UNIDAD",6695,5014555,"CDP No 101416 y Vigencias Futuras"]
["Agregar nuevo artículo o servicio","No aplica","No aplica",null,"No aplica","No aplica","No aplica",0,"No aplica",null,"SF Tipo 4 - 15808 - TINJACA - Beneficiarios: 189","SF Tipo 4 - 15808 - TINJACA - Beneficiarios: 189",336,"UNIDAD",6695,2249520,"CDP No 101416 y Vigencias Futuras"]
["Agregar nuevo artículo o servicio","No aplica","No aplica",null,"No aplica","No aplica","No aplica",0,"No aplica",null,"SF Tipo 4 - 15810 - TIPACOQUE - Beneficiarios: 350","SF Tipo 4 - 15810 - TIPACOQUE - Beneficiarios: 350",636,"UNIDAD",6695,4258020,"CDP No 101416 y Vigencias Futuras"]
["Agregar nuevo artículo o servicio","No aplica","No aplica",null,"No aplica","No aplica","No aplica",0,"No aplica",null,"SF Tipo 4 - 15814 - TOCA - Beneficiarios: 721","SF Tipo 4 - 15814 - TOCA - Beneficiarios: 721",1394,"UNIDAD",6695,9332830,"CDP No 101416 y Vigencias Futuras"]
["Agregar nuevo artículo o servicio","No aplica","No aplica",null,"No aplica","No aplica","No aplica",0,"No aplica",null,"SF Tipo 4 - 15816 - TOGsI - Beneficiarios: 441","SF Tipo 4 - 15816 - TOGsI - Beneficiarios: 441",873,"UNIDAD",6695,5844735,"CDP No 101416 y Vigencias Futuras"]
["Agregar nuevo artículo o servicio","No aplica","No aplica",null,"No aplica","No aplica","No aplica",0,"No aplica",null,"SF Tipo 4 - 15820 - TOPAGA - Beneficiarios: 257","SF Tipo 4 - 15820 - TOPAGA - Beneficiarios: 257",477,"UNIDAD",6695,3193515,"CDP No 101416 y Vigencias Futuras"]
["Agregar nuevo artículo o servicio","No aplica","No aplica",null,"No aplica","No aplica","No aplica",0,"No aplica",null,"SF Tipo 4 - 15822 - TOTA - Beneficiarios: 465","SF Tipo 4 - 15822 - TOTA - Beneficiarios: 465",845,"UNIDAD",6695,5657275,"CDP No 101416 y Vigencias Futuras"]
["Agregar nuevo artículo o servicio","No aplica","No aplica",null,"No aplica","No aplica","No aplica",0,"No aplica",null,"SF Tipo 4 - 15832 - TUNUNGUA - Beneficiarios: 123","SF Tipo 4 - 15832 - TUNUNGUA - Beneficiarios: 123",248,"UNIDAD",6695,1660360,"CDP No 101416 y Vigencias Futuras"]
["Agregar nuevo artículo o servicio","No aplica","No aplica",null,"No aplica","No aplica","No aplica",0,"No aplica",null,"SF Tipo 4 - 15835 - TURMEQUE - Beneficiarios: 389","SF Tipo 4 - 15835 - TURMEQUE - Beneficiarios: 389",737,"UNIDAD",6695,4934215,"CDP No 101416 y Vigencias Futuras"]
["Agregar nuevo artículo o servicio","No aplica","No aplica",null,"No aplica","No aplica","No aplica",0,"No aplica",null,"SF Tipo 4 - 15837 - TUTA - Beneficiarios: 484","SF Tipo 4 - 15837 - TUTA - Beneficiarios: 484",1044,"UNIDAD",6695,6989580,"CDP No 101416 y Vigencias Futuras"]
["Agregar nuevo artículo o servicio","No aplica","No aplica",null,"No aplica","No aplica","No aplica",0,"No aplica",null,"SF Tipo 4 - 15839 - TUTAZA - Beneficiarios: 179","SF Tipo 4 - 15839 - TUTAZA - Beneficiarios: 179",338,"UNIDAD",6695,{"$f":"ROUND(M178*O178, 2)","v":2262910},"CDP No 101416 y Vigencias Futuras"]
["Agregar nuevo artículo o servicio","No aplica","No aplica",null,"No aplica","No aplica","No aplica",0,"No aplica",null,"SF Tipo 4 - 15842 - UMBITA - Beneficiarios: 497","SF Tipo 4 - 15842 - UMBITA - Beneficiarios: 497",989,"UNIDAD",6695,6621355,"CDP No 101416 y Vigencias Futuras"]
["Agregar nuevo artículo o servicio","No aplica","No aplica",null,"No aplica","No aplica","No aplica",0,"No aplica",null,"SF Tipo 4 - 15861 - VENTAQUEMADA - Beneficiarios: 887","SF Tipo 4 - 15861 - VENTAQUEMADA - Beneficiarios: 887",1885,"UNIDAD",6695,12620075,"CDP No 101416 y Vigencias Futuras"]
["Agregar nuevo artículo o servicio","No aplica","No aplica",null,"No aplica","No aplica","No aplica",0,"No aplica",null,"SF Tipo 4 - 15879 - VIRACACHA - Beneficiarios: 163","SF Tipo 4 - 15879 - VIRACACHA - Beneficiarios: 163",286,"UNIDAD",6695,1914770,"CDP No 101416 y Vigencias Futuras"]
["Agregar nuevo artículo o servicio","No aplica","No aplica",null,"No aplica","No aplica","No aplica",0,"No aplica",null,"SF Tipo 4 - 15897 - ZETAQUIRA - Beneficiarios: 423","SF Tipo 4 - 15897 - ZETAQUIRA - Beneficiarios: 423",1147,"UNIDAD",6695,7679165,"CDP No 101416 y Vigencias Futuras"]
["Agregar nuevo artículo o servicio","No aplica","No aplica",null,"No aplica","No aplica","No aplica",0,"No aplica",null,"SF Tipo 4 - 17013 - AGUADAS - Beneficiarios: 1471","SF Tipo 4 - 17013 - AGUADAS - Beneficiarios: 1471",3115,"UNIDAD",6695,20854925,"CDP No 101416 y Vigencias Futuras"]
["Agregar nuevo artículo o servicio","No aplica","No aplica",null,"No aplica","No aplica","No aplica",0,"No aplica",null,"SF Tipo 4 - 17042 - ANSERMA - Beneficiarios: 1734","SF Tipo 4 - 17042 - ANSERMA - Beneficiarios: 1734",3193,"UNIDAD",6695,21377135,"CDP No 101416 y Vigencias Futuras"]
["Agregar nuevo artículo o servicio","No aplica","No aplica",null,"No aplica","No aplica","No aplica",0,"No aplica",null,"SF Tipo 4 - 17050 - ARANZAZU - Beneficiarios: 665","SF Tipo 4 - 17050 - ARANZAZU - Beneficiarios: 665",2039,"UNIDAD",6695,13651105,"CDP No 101416 y Vigencias Futuras"]
["Agregar nuevo artículo o servicio","No aplica","No aplica",null,"No aplica","No aplica","No aplica",0,"No aplica",null,"SF Tipo 4 - 17088 - BELALCAZAR - Beneficiarios: 796","SF Tipo 4 - 17088 - BELALCAZAR - Beneficiarios: 796",1766,"UNIDAD",6695,11823370,"CDP No 101416 y Vigencias Futuras"]
["Agregar nuevo artículo o servicio","No aplica","No aplica",null,"No aplica","No aplica","No aplica",0,"No aplica",null,"SF Tipo 4 - 17174 - CHINCHINA - Beneficiarios: 2000","SF Tipo 4 - 17174 - CHINCHINA - Beneficiarios: 2000",3735,"UNIDAD",6695,25005825,"CDP No 101416 y Vigencias Futuras"]
["Agregar nuevo artículo o servicio","No aplica","No aplica",null,"No aplica","No aplica","No aplica",0,"No aplica",null,"SF Tipo 4 - 17272 - FILADELFIA - Beneficiarios: 566","SF Tipo 4 - 17272 - FILADELFIA - Beneficiarios: 566",1065,"UNIDAD",6695,7130175,"CDP No 101416 y Vigencias Futuras"]
["Agregar nuevo artículo o servicio","No aplica","No aplica",null,"No aplica","No aplica","No aplica",0,"No aplica",null,"SF Tipo 4 - 17380 - LA DORADA - Beneficiarios: 3763","SF Tipo 4 - 17380 - LA DORADA - Beneficiarios: 3763",8453,"UNIDAD",6695,56592835,"CDP No 101416 y Vigencias Futuras"]
["Agregar nuevo artículo o servicio","No aplica","No aplica",null,"No aplica","No aplica","No aplica",0,"No aplica",null,"SF Tipo 4 - 17388 - LA MERCED - Beneficiarios: 325","SF Tipo 4 - 17388 - LA MERCED - Beneficiarios: 325",639,"UNIDAD",6695,4278105,"CDP No 101416 y Vigencias Futuras"]
["Agregar nuevo artículo o servicio","No aplica","No aplica",null,"No aplica","No aplica","No aplica",0,"No aplica",null,"SF Tipo 4 - 17433 - MANZANARES - Beneficiarios: 1472","SF Tipo 4 - 17433 - MANZANARES - Beneficiarios: 1472",3265,"UNIDAD",6695,21859175,"CDP No 101416 y Vigencias Futuras"]
["Agregar nuevo artículo o servicio","No aplica","No aplica",null,"No aplica","No aplica","No aplica",0,"No aplica",null,"SF Tipo 4 - 17442 - MARMATO - Beneficiarios: 758","SF Tipo 4 - 17442 - MARMATO - Beneficiarios: 758",1477,"UNIDAD",6695,9888515,"CDP No 101416 y Vigencias Futuras"]
["Agregar nuevo artículo o servicio","No aplica","No aplica",null,"No aplica","No aplica","No aplica",0,"No aplica",null,"SF Tipo 4 - 17444 - MARQUETALIA - Beneficiarios: 917","SF Tipo 4 - 17444 - MARQUETALIA - Beneficiarios: 917",2773,"UNIDAD",6695,18565235,"CDP No 101416 y Vigencias Futuras"]
["Agregar nuevo artículo o servicio","No aplica","No aplica",null,"No aplica","No aplica","No aplica",0,"No aplica",null,"SF Tipo 4 - 17446 - MARULANDA - Beneficiarios: 216","SF Tipo 4 - 17446 - MARULANDA - Beneficiarios: 216",580,"UNIDAD",6695,3883100,"CDP No 101416 y Vigencias Futuras"]
["Agregar nuevo artículo o servicio","No aplica","No aplica",null,"No aplica","No aplica","No aplica",0,"No aplica",null,"SF Tipo 4 - 17486 - NEIRA - Beneficiarios: 804","SF Tipo 4 - 17486 - NEIRA - Beneficiarios: 804",1652,"UNIDAD",6695,11060140,"CDP No 101416 y Vigencias Futuras"]
["Agregar nuevo artículo o servicio","No aplica","No aplica",null,"No aplica","No aplica","No aplica",0,"No aplica",null,"SF Tipo 4 - 17495 - NORCASIA - Beneficiarios: 719","SF Tipo 4 - 17495 - NORCASIA - Beneficiarios: 719",1993,"UNIDAD",6695,13343135,"CDP No 101416 y Vigencias Futuras"]
["Agregar nuevo artículo o servicio","No aplica","No aplica",null,"No aplica","No aplica","No aplica",0,"No aplica",null,"SF Tipo 4 - 17513 - PACORA - Beneficiarios: 624","SF Tipo 4 - 17513 - PACORA - Beneficiarios: 624",1301,"UNIDAD",6695,8710195,"CDP No 101416 y Vigencias Futuras"]
["Agregar nuevo artículo o servicio","No aplica","No aplica",null,"No aplica","No aplica","No aplica",0,"No aplica",null,"SF Tipo 4 - 17524 - PALESTINA - Beneficiarios: 846","SF Tipo 4 - 17524 - PALESTINA - Beneficiarios: 846",1635,"UNIDAD",6695,10946325,"CDP No 101416 y Vigencias Futuras"]
["Agregar nuevo artículo o servicio","No aplica","No aplica",null,"No aplica","No aplica","No aplica",0,"No aplica",null,"SF Tipo 4 - 17541 - PENSILVANIA - Beneficiarios: 1669","SF Tipo 4 - 17541 - PENSILVANIA - Beneficiarios: 1669",14485,"UNIDAD",6695,96977075,"CDP No 101416 y Vigencias Futuras"]
["Agregar nuevo artículo o servicio","No aplica","No aplica",null,"No aplica","No aplica","No aplica",0,"No aplica",null,"SF Tipo 4 - 17614 - RIOSUCIO - Beneficiarios: 6003","SF Tipo 4 - 17614 - RIOSUCIO - Beneficiarios: 6003",14304,"UNIDAD",6695,95765280,"CDP No 101416 y Vigencias Futuras"]
["Agregar nuevo artículo o servicio","No aplica","No aplica",null,"No aplica","No aplica","No aplica",0,"No aplica",null,"SF Tipo 4 - 17616 - RISARALDA - Beneficiarios: 574","SF Tipo 4 - 17616 - RISARALDA - Beneficiarios: 574",1208,"UNIDAD",6695,8087560,"CDP No 101416 y Vigencias Futuras"]
["Agregar nuevo artículo o servicio","No aplica","No aplica",null,"No aplica","No aplica","No aplica",0,"No aplica",null,"SF Tipo 4 - 17653 - SALAMINA - Beneficiarios: 915","SF Tipo 4 - 17653 - SALAMINA - Beneficiarios: 915",1989,"UNIDAD",6695,13316355,"CDP No 101416 y Vigencias Futuras"]
["Agregar nuevo artículo o servicio","No aplica","No aplica",null,"No aplica","No aplica","No aplica",0,"No aplica",null,"SF Tipo 4 - 17662 - SAMANA - Beneficiarios: 2629","SF Tipo 4 - 17662 - SAMANA - Beneficiarios: 2629",6802,"UNIDAD",6695,45539390,"CDP No 101416 y Vigencias Futuras"]
["Agregar nuevo artículo o servicio","No aplica","No aplica",null,"No aplica","No aplica","No aplica",0,"No aplica",null,"SF Tipo 4 - 17665 - SAN JOSE - Beneficiarios: 303","SF Tipo 4 - 17665 - SAN JOSE - Beneficiarios: 303",722,"UNIDAD",6695,4833790,"CDP No 101416 y Vigencias Futuras"]
["Agregar nuevo artículo o servicio","No aplica","No aplica",null,"No aplica","No aplica","No aplica",0,"No aplica",null,"SF Tipo 4 - 17777 - SUPIA - Beneficiarios: 2125","SF Tipo 4 - 17777 - SUPIA - Beneficiarios: 2125",3855,"UNIDAD",6695,25809225,"CDP No 101416 y Vigencias Futuras"]
["Agregar nuevo artículo o servicio","No aplica","No aplica",null,"No aplica","No aplica","No aplica",0,"No aplica",null,"SF Tipo 4 - 17867 - VICTORIA - Beneficiarios: 657","SF Tipo 4 - 17867 - VICTORIA - Beneficiarios: 657",1392,"UNIDAD",6695,9319440,"CDP No 101416 y Vigencias Futuras"]
["Agregar nuevo artículo o servicio","No aplica","No aplica",null,"No aplica","No aplica","No aplica",0,"No aplica",null,"SF Tipo 4 - 17873 - VILLAMARIA - Beneficiarios: 881","SF Tipo 4 - 17873 - VILLAMARIA - Beneficiarios: 881",2081,"UNIDAD",6695,13932295,"CDP No 101416 y Vigencias Futuras"]
["Agregar nuevo artículo o servicio","No aplica","No aplica",null,"No aplica","No aplica","No aplica",0,"No aplica",null,"SF Tipo 4 - 17877 - VITERBO - Beneficiarios: 551","SF Tipo 4 - 17877 - VITERBO - Beneficiarios: 551",1099,"UNIDAD",6695,7357805,"CDP No 101416 y Vigencias Futuras"]
["Agregar nuevo artículo o servicio","No aplica","No aplica",null,"No aplica","No aplica","No aplica",0,"No aplica",null,"SF Tipo 4 - 18029 - ALBANIA - Beneficiarios: 709","SF Tipo 4 - 18029 - ALBANIA - Beneficiarios: 709",1460,"UNIDAD",6695,9774700,"CDP No 101416 y Vigencias Futuras"]
["Agregar nuevo artículo o servicio","No aplica","No aplica",null,"No aplica","No aplica","No aplica",0,"No aplica",null,"SF Tipo 4 - 18094 - BELEN DE LOS ANDAQUIES - Beneficiarios: 1570","SF Tipo 4 - 18094 - BELEN DE LOS ANDAQUIES - Beneficiarios: 1570",3247,"UNIDAD",6695,21738665,"CDP No 101416 y Vigencias Futuras"]
["Agregar nuevo artículo o servicio","No aplica","No aplica",null,"No aplica","No aplica","No aplica",0,"No aplica",null,"SF Tipo 4 - 18150 - CARTAGENA DEL CHAIRA - Beneficiarios: 2941","SF Tipo 4 - 18150 - CARTAGENA DEL CHAIRA - Beneficiarios: 2941",7397,"UNIDAD",6695,49522915,"CDP No 101416 y Vigencias Futuras"]
["Agregar nuevo artículo o servicio","No aplica","No aplica",null,"No aplica","No aplica","No aplica",0,"No aplica",null,"SF Tipo 4 - 18205 - CURILLO - Beneficiarios: 1280","SF Tipo 4 - 18205 - CURILLO - Beneficiarios: 1280",2694,"UNIDAD",6695,18036330,"CDP No 101416 y Vigencias Futuras"]
["Agregar nuevo artículo o servicio","No aplica","No aplica",null,"No aplica","No aplica","No aplica",0,"No aplica",null,"SF Tipo 4 - 18247 - EL DONCELLO - Beneficiarios: 2850","SF Tipo 4 - 18247 - EL DONCELLO - Beneficiarios: 2850",5729,"UNIDAD",6695,38355655,"CDP No 101416 y Vigencias Futuras"]
["Agregar nuevo artículo o servicio","No aplica","No aplica",null,"No aplica","No aplica","No aplica",0,"No aplica",null,"SF Tipo 4 - 18256 - EL PAUJIL - Beneficiarios: 2044","SF Tipo 4 - 18256 - EL PAUJIL - Beneficiarios: 2044",4730,"UNIDAD",6695,31667350,"CDP No 101416 y Vigencias Futuras"]
["Agregar nuevo artículo o servicio","No aplica","No aplica",null,"No aplica","No aplica","No aplica",0,"No aplica",null,"SF Tipo 4 - 18410 - LA MONTAÑITA - Beneficiarios: 1485","SF Tipo 4 - 18410 - LA MONTAÑITA - Beneficiarios: 1485",3768,"UNIDAD",6695,25226760,"CDP No 101416 y Vigencias Futuras"]
["Agregar nuevo artículo o servicio","No aplica","No aplica",null,"No aplica","No aplica","No aplica",0,"No aplica",null,"SF Tipo 4 - 18460 - MILAN - Beneficiarios: 1078","SF Tipo 4 - 18460 - MILAN - Beneficiarios: 1078",2023,"UNIDAD",6695,13543985,"CDP No 101416 y Vigencias Futuras"]
["Agregar nuevo artículo o servicio","No aplica","No aplica",null,"No aplica","No aplica","No aplica",0,"No aplica",null,"SF Tipo 4 - 18479 - MORELIA - Beneficiarios: 558","SF Tipo 4 - 18479 - MORELIA - Beneficiarios: 558",1336,"UNIDAD",6695,8944520,"CDP No 101416 y Vigencias Futuras"]
["Agregar nuevo artículo o servicio","No aplica","No aplica",null,"No aplica","No aplica","No aplica",0,"No aplica",null,"SF Tipo 4 - 18592 - PUERTO RICO - Beneficiarios: 3333","SF Tipo 4 - 18592 - PUERTO RICO - Beneficiarios: 3333",7407,"UNIDAD",6695,49589865,"CDP No 101416 y Vigencias Futuras"]
["Agregar nuevo artículo o servicio","No aplica","No aplica",null,"No aplica","No aplica","No aplica",0,"No aplica",null,"SF Tipo 4 - 18610 - SAN JOSE DEL FRAGUA - Beneficiarios: 1871","SF Tipo 4 - 18610 - SAN JOSE DEL FRAGUA - Beneficiarios: 1871",4235,"UNIDAD",6695,28353325,"CDP No 101416 y Vigencias Futuras"]
["Agregar nuevo artículo o servicio","No aplica","No aplica",null,"No aplica","No aplica","No aplica",0,"No aplica",null,"SF Tipo 4 - 18753 - SAN VICENTE DEL CAGUAN - Beneficiarios: 5812","SF Tipo 4 - 18753 - SAN VICENTE DEL CAGUAN - Beneficiarios: 5812",11668,"UNIDAD",6695,78117260,"CDP No 101416 y Vigencias Futuras"]
["Agregar nuevo artículo o servicio","No aplica","No aplica",null,"No aplica","No aplica","No aplica",0,"No aplica",null,"SF Tipo 4 - 18756 - SOLANO - Beneficiarios: 794","SF Tipo 4 - 18756 - SOLANO - Beneficiarios: 794",1678,"UNIDAD",6695,11234210,"CDP No 101416 y Vigencias Futuras"]
["Agregar nuevo artículo o servicio","No aplica","No aplica",null,"No aplica","No aplica","No aplica",0,"No aplica",null,"SF Tipo 4 - 18785 - SOLITA - Beneficiarios: 1117","SF Tipo 4 - 18785 - SOLITA - Beneficiarios: 1117",2105,"UNIDAD",6695,14092975,"CDP No 101416 y Vigencias Futuras"]
["Agregar nuevo artículo o servicio","No aplica","No aplica",null,"No aplica","No aplica","No aplica",0,"No aplica",null,"SF Tipo 4 - 18860 - VALPARAISO - Beneficiarios: 1214","SF Tipo 4 - 18860 - VALPARAISO - Beneficiarios: 1214",2340,"UNIDAD",6695,15666300,"CDP No 101416 y Vigencias Futuras"]
["Agregar nuevo artículo o servicio","No aplica","No aplica",null,"No aplica","No aplica","No aplica",0,"No aplica",null,"SF Tipo 4 - 20011 - AGUACHICA - Beneficiarios: 9061","SF Tipo 4 - 20011 - AGUACHICA - Beneficiarios: 9061",21345,"UNIDAD",6695,142904775,"CDP No 101416 y Vigencias Futuras"]
["Agregar nuevo artículo o servicio","No aplica","No aplica",null,"No aplica","No aplica","No aplica",0,"No aplica",null,"SF Tipo 4 - 20013 - AGUSTIN CODAZZI - Beneficiarios: 6701","SF Tipo 4 - 20013 - AGUSTIN CODAZZI - Beneficiarios: 6701",17718,"UNIDAD",6695,118622010,"CDP No 101416 y Vigencias Futuras"]
["Agregar nuevo artículo o servicio","No aplica","No aplica",null,"No aplica","No aplica","No aplica",0,"No aplica",null,"SF Tipo 4 - 20032 - ASTREA - Beneficiarios: 2720","SF Tipo 4 - 20032 - ASTREA - Beneficiarios: 2720",6370,"UNIDAD",6695,42647150,"CDP No 101416 y Vigencias Futuras"]
["Agregar nuevo artículo o servicio","No aplica","No aplica",null,"No aplica","No aplica","No aplica",0,"No aplica",null,"SF Tipo 4 - 20045 - BECERRIL - Beneficiarios: 2024","SF Tipo 4 - 20045 - BECERRIL - Beneficiarios: 2024",5977,"UNIDAD",6695,40016015,"CDP No 101416 y Vigencias Futuras"]
["Agregar nuevo artículo o servicio","No aplica","No aplica",null,"No aplica","No aplica","No aplica",0,"No aplica",null,"SF Tipo 4 - 20060 - BOSCONIA - Beneficiarios: 4071","SF Tipo 4 - 20060 - BOSCONIA - Beneficiarios: 4071",10243,"UNIDAD",6695,68576885,"CDP No 101416 y Vigencias Futuras"]
["Agregar nuevo artículo o servicio","No aplica","No aplica",null,"No aplica","No aplica","No aplica",0,"No aplica",null,"SF Tipo 4 - 20175 - CHIMICHAGUA - Beneficiarios: 4012","SF Tipo 4 - 20175 - CHIMICHAGUA - Beneficiarios: 4012",7545,"UNIDAD",6695,50513775,"CDP No 101416 y Vigencias Futuras"]
["Agregar nuevo artículo o servicio","No aplica","No aplica",null,"No aplica","No aplica","No aplica",0,"No aplica",null,"SF Tipo 4 - 20178 - CHIRIGUANA - Beneficiarios: 3109","SF Tipo 4 - 20178 - CHIRIGUANA - Beneficiarios: 3109",7821,"UNIDAD",6695,52361595,"CDP No 101416 y Vigencias Futuras"]
["Agregar nuevo artículo o servicio","No aplica","No aplica",null,"No aplica","No aplica","No aplica",0,"No aplica",null,"SF Tipo 4 - 20228 - CURUMANI - Beneficiarios: 3887","SF Tipo 4 - 20228 - CURUMANI - Beneficiarios: 3887",9756,"UNIDAD",6695,65316420,"CDP No 101416 y Vigencias Futuras"]
["Agregar nuevo artículo o servicio","No aplica","No aplica",null,"No aplica","No aplica","No aplica",0,"No aplica",null,"SF Tipo 4 - 20238 - EL COPEY - Beneficiarios: 3791","SF Tipo 4 - 20238 - EL COPEY - Beneficiarios: 3791",10255,"UNIDAD",6695,68657225,"CDP No 101416 y Vigencias Futuras"]
["Agregar nuevo artículo o servicio","No aplica","No aplica",null,"No aplica","No aplica","No aplica",0,"No aplica",null,"SF Tipo 4 - 20250 - EL PASO - Beneficiarios: 3115","SF Tipo 4 - 20250 - EL PASO - Beneficiarios: 3115",6297,"UNIDAD",6695,42158415,"CDP No 101416 y Vigencias Futuras"]
["Agregar nuevo artículo o servicio","No aplica","No aplica",null,"No aplica","No aplica","No aplica",0,"No aplica",null,"SF Tipo 4 - 20295 - GAMARRA - Beneficiarios: 1556","SF Tipo 4 - 20295 - GAMARRA - Beneficiarios: 1556",3308,"UNIDAD",6695,22147060,"CDP No 101416 y Vigencias Futuras"]
["Agregar nuevo artículo o servicio","No aplica","No aplica",null,"No aplica","No aplica","No aplica",0,"No aplica",null,"SF Tipo 4 - 20310 - GONZALEZ - Beneficiarios: 487","SF Tipo 4 - 20310 - GONZALEZ - Beneficiarios: 487",1074,"UNIDAD",6695,7190430,"CDP No 101416 y Vigencias Futuras"]
["Agregar nuevo artículo o servicio","No aplica","No aplica",null,"No aplica","No aplica","No aplica",0,"No aplica",null,"SF Tipo 4 - 20383 - LA GLORIA - Beneficiarios: 1700","SF Tipo 4 - 20383 - LA GLORIA - Beneficiarios: 1700",4178,"UNIDAD",6695,27971710,"CDP No 101416 y Vigencias Futuras"]
["Agregar nuevo artículo o servicio","No aplica","No aplica",null,"No aplica","No aplica","No aplica",0,"No aplica",null,"SF Tipo 4 - 20400 - LA JAGUA DE IBIRICO - Beneficiarios: 3437","SF Tipo 4 - 20400 - LA JAGUA DE IBIRICO - Beneficiarios: 3437",9204,"UNIDAD",6695,61620780,"CDP No 101416 y Vigencias Futuras"]
["Agregar nuevo artículo o servicio","No aplica","No aplica",null,"No aplica","No aplica","No aplica",0,"No aplica",null,"SF Tipo 4 - 20443 - MANAURE - Beneficiarios: 1110","SF Tipo 4 - 20443 - MANAURE - Beneficiarios: 1110",2808,"UNIDAD",6695,18799560,"CDP No 101416 y Vigencias Futuras"]
["Agregar nuevo artículo o servicio","No aplica","No aplica",null,"No aplica","No aplica","No aplica",0,"No aplica",null,"SF Tipo 4 - 20517 - PAILITAS - Beneficiarios: 2503","SF Tipo 4 - 20517 - PAILITAS - Beneficiarios: 2503",8314,"UNIDAD",6695,55662230,"CDP No 101416 y Vigencias Futuras"]
["Agregar nuevo artículo o servicio","No aplica","No aplica",null,"No aplica","No aplica","No aplica",0,"No aplica",null,"SF Tipo 4 - 20550 - PELAYA - Beneficiarios: 2480","SF Tipo 4 - 20550 - PELAYA - Beneficiarios: 2480",6106,"UNIDAD",6695,40879670,"CDP No 101416 y Vigencias Futuras"]
["Agregar nuevo artículo o servicio","No aplica","No aplica",null,"No aplica","No aplica","No aplica",0,"No aplica",null,"SF Tipo 4 - 20570 - PUEBLO BELLO - Beneficiarios: 1529","SF Tipo 4 - 20570 - PUEBLO BELLO - Beneficiarios: 1529",4163,"UNIDAD",6695,27871285,"CDP No 101416 y Vigencias Futuras"]
["Agregar nuevo artículo o servicio","No aplica","No aplica",null,"No aplica","No aplica","No aplica",0,"No aplica",null,"SF Tipo 4 - 20614 - RIO DE ORO - Beneficiarios: 1416","SF Tipo 4 - 20614 - RIO DE ORO - Beneficiarios: 1416",3044,"UNIDAD",6695,{"$f":"ROUND(M242*O242, 2)","v":20379580},"CDP No 101416 y Vigencias Futuras"]
["Agregar nuevo artículo o servicio","No aplica","No aplica",null,"No aplica","No aplica","No aplica",0,"No aplica",null,"SF Tipo 4 - 20621 - LA PAZ - Beneficiarios: 2336","SF Tipo 4 - 20621 - LA PAZ - Beneficiarios: 2336",5672,"UNIDAD",6695,37974040,"CDP No 101416 y Vigencias Futuras"]
["Agregar nuevo artículo o servicio","No aplica","No aplica",null,"No aplica","No aplica","No aplica",0,"No aplica",null,"SF Tipo 4 - 20710 - SAN ALBERTO - Beneficiarios: 2016","SF Tipo 4 - 20710 - SAN ALBERTO - Beneficiarios: 2016",4855,"UNIDAD",6695,32504225,"CDP No 101416 y Vigencias Futuras"]
["Agregar nuevo artículo o servicio","No aplica","No aplica",null,"No aplica","No aplica","No aplica",0,"No aplica",null,"SF Tipo 4 - 20750 - SAN DIEGO - Beneficiarios: 1785","SF Tipo 4 - 20750 - SAN DIEGO - Beneficiarios: 1785",5604,"UNIDAD",6695,37518780,"CDP No 101416 y Vigencias Futuras"]
["Agregar nuevo artículo o servicio","No aplica","No aplica",null,"No aplica","No aplica","No aplica",0,"No aplica",null,"SF Tipo 4 - 20770 - SAN MARTIN - Beneficiarios: 2270","SF Tipo 4 - 20770 - SAN MARTIN - Beneficiarios: 2270",5704,"UNIDAD",6695,38188280,"CDP No 101416 y Vigencias Futuras"]
["Agregar nuevo artículo o servicio","No aplica","No aplica",null,"No aplica","No aplica","No aplica",0,"No aplica",null,"SF Tipo 4 - 20787 - TAMALAMEQUE - Beneficiarios: 1644","SF Tipo 4 - 20787 - TAMALAMEQUE - Beneficiarios: 1644",3499,"UNIDAD",6695,23425805,"CDP No 101416 y Vigencias Futuras"]
["Agregar nuevo artículo o servicio","No aplica","No aplica",null,"No aplica","No aplica","No aplica",0,"No aplica",null,"SF Tipo 4 - 47030 - ALGARROBO - Beneficiarios: 1816","SF Tipo 4 - 47030 - ALGARROBO - Beneficiarios: 1816",5292,"UNIDAD",6695,35429940,"CDP No 101416 y Vigencias Futuras"]
["Agregar nuevo artículo o servicio","No aplica","No aplica",null,"No aplica","No aplica","No aplica",0,"No aplica",null,"SF Tipo 4 - 47053 - ARACATACA - Beneficiarios: 5203","SF Tipo 4 - 47053 - ARACATACA - Beneficiarios: 5203",12514,"UNIDAD",6695,83781230,"CDP No 101416 y Vigencias Futuras"]
["Agregar nuevo artículo o servicio","No aplica","No aplica",null,"No aplica","No aplica","No aplica",0,"No aplica",null,"SF Tipo 4 - 47058 - ARIGUANI - Beneficiarios: 3665","SF Tipo 4 - 47058 - ARIGUANI - Beneficiarios: 3665",6765,"UNIDAD",6695,45291675,"CDP No 101416 y Vigencias Futuras"]
["Agregar nuevo artículo o servicio","No aplica","No aplica",null,"No aplica","No aplica","No aplica",0,"No aplica",null,"SF Tipo 4 - 47161 - CERRO SAN ANTONIO - Beneficiarios: 1253","SF Tipo 4 - 47161 - CERRO SAN ANTONIO - Beneficiarios: 1253",2539,"UNIDAD",6695,16998605,"CDP No 101416 y Vigencias Futuras"]
["Agregar nuevo artículo o servicio","No aplica","No aplica",null,"No aplica","No aplica","No aplica",0,"No aplica",null,"SF Tipo 4 - 47170 - CHIBOLO - Beneficiarios: 3073","SF Tipo 4 - 47170 - CHIBOLO - Beneficiarios: 3073",6297,"UNIDAD",6695,42158415,"CDP No 101416 y Vigencias Futuras"]
["Agregar nuevo artículo o servicio","No aplica","No aplica",null,"No aplica","No aplica","No aplica",0,"No aplica",null,"SF Tipo 4 - 47189 - CIENAGA - Beneficiarios: 9531","SF Tipo 4 - 47189 - CIENAGA - Beneficiarios: 9531",19735,"UNIDAD",6695,132125825,"CDP No 101416 y Vigencias Futuras"]
["Agregar nuevo artículo o servicio","No aplica","No aplica",null,"No aplica","No aplica","No aplica",0,"No aplica",null,"SF Tipo 4 - 47205 - CONCORDIA - Beneficiarios: 1690","SF Tipo 4 - 47205 - CONCORDIA - Beneficiarios: 1690",3595,"UNIDAD",6695,24068525,"CDP No 101416 y Vigencias Futuras"]
["Agregar nuevo artículo o servicio","No aplica","No aplica",null,"No aplica","No aplica","No aplica",0,"No aplica",null,"SF Tipo 4 - 47245 - EL BANCO - Beneficiarios: 7479","SF Tipo 4 - 47245 - EL BANCO - Beneficiarios: 7479",16467,"UNIDAD",6695,110246565,"CDP No 101416 y Vigencias Futuras"]
["Agregar nuevo artículo o servicio","No aplica","No aplica",null,"No aplica","No aplica","No aplica",0,"No aplica",null,"SF Tipo 4 - 47258 - EL PIÑON - Beneficiarios: 2807","SF Tipo 4 - 47258 - EL PIÑON - Beneficiarios: 2807",6262,"UNIDAD",6695,41924090,"CDP No 101416 y Vigencias Futuras"]
["Agregar nuevo artículo o servicio","No aplica","No aplica",null,"No aplica","No aplica","No aplica",0,"No aplica",null,"SF Tipo 4 - 47268 - EL RETEN - Beneficiarios: 2567","SF Tipo 4 - 47268 - EL RETEN - Beneficiarios: 2567",6283,"UNIDAD",6695,42064685,"CDP No 101416 y Vigencias Futuras"]
["Agregar nuevo artículo o servicio","No aplica","No aplica",null,"No aplica","No aplica","No aplica",0,"No aplica",null,"SF Tipo 4 - 47288 - FUNDACION - Beneficiarios: 7128","SF Tipo 4 - 47288 - FUNDACION - Beneficiarios: 7128",22023,"UNIDAD",6695,147443985,"CDP No 101416 y Vigencias Futuras"]
["Agregar nuevo artículo o servicio","No aplica","No aplica",null,"No aplica","No aplica","No aplica",0,"No aplica",null,"SF Tipo 4 - 47318 - GUAMAL - Beneficiarios: 3081","SF Tipo 4 - 47318 - GUAMAL - Beneficiarios: 3081",5701,"UNIDAD",6695,38168195,"CDP No 101416 y Vigencias Futuras"]
["Agregar nuevo artículo o servicio","No aplica","No aplica",null,"No aplica","No aplica","No aplica",0,"No aplica",null,"SF Tipo 4 - 47460 - NUEVA GRANADA - Beneficiarios: 2365","SF Tipo 4 - 47460 - NUEVA GRANADA - Beneficiarios: 2365",4480,"UNIDAD",6695,29993600,"CDP No 101416 y Vigencias Futuras"]
["Agregar nuevo artículo o servicio","No aplica","No aplica",null,"No aplica","No aplica","No aplica",0,"No aplica",null,"SF Tipo 4 - 47541 - PEDRAZA - Beneficiarios: 1321","SF Tipo 4 - 47541 - PEDRAZA - Beneficiarios: 1321",2561,"UNIDAD",6695,17145895,"CDP No 101416 y Vigencias Futuras"]
["Agregar nuevo artículo o servicio","No aplica","No aplica",null,"No aplica","No aplica","No aplica",0,"No aplica",null,"SF Tipo 4 - 47545 - PIJIÑO DEL CARMEN - Beneficiarios: 1375","SF Tipo 4 - 47545 - PIJIÑO DEL CARMEN - Beneficiarios: 1375",2596,"UNIDAD",6695,17380220,"CDP No 101416 y Vigencias Futuras"]
["Agregar nuevo artículo o servicio","No aplica","No aplica",null,"No aplica","No aplica","No aplica",0,"No aplica",null,"SF Tipo 4 - 47551 - PIVIJAY - Beneficiarios: 4077","SF Tipo 4 - 47551 - PIVIJAY - Beneficiarios: 4077",12099,"UNIDAD",6695,81002805,"CDP No 101416 y Vigencias Futuras"]
["Agregar nuevo artículo o servicio","No aplica","No aplica",null,"No aplica","No aplica","No aplica",0,"No aplica",null,"SF Tipo 4 - 47555 - PLATO - Beneficiarios: 7041","SF Tipo 4 - 47555 - PLATO - Beneficiarios: 7041",15015,"UNIDAD",6695,100525425,"CDP No 101416 y Vigencias Futuras"]
["Agregar nuevo artículo o servicio","No aplica","No aplica",null,"No aplica","No aplica","No aplica",0,"No aplica",null,"SF Tipo 4 - 47570 - PUEBLOVIEJO - Beneficiarios: 3994","SF Tipo 4 - 47570 - PUEBLOVIEJO - Beneficiarios: 3994",9492,"UNIDAD",6695,63548940,"CDP No 101416 y Vigencias Futuras"]
["Agregar nuevo artículo o servicio","No aplica","No aplica",null,"No aplica","No aplica","No aplica",0,"No aplica",null,"SF Tipo 4 - 47605 - REMOLINO - Beneficiarios: 1227","SF Tipo 4 - 47605 - REMOLINO - Beneficiarios: 1227",3305,"UNIDAD",6695,22126975,"CDP No 101416 y Vigencias Futuras"]
["Agregar nuevo artículo o servicio","No aplica","No aplica",null,"No aplica","No aplica","No aplica",0,"No aplica",null,"SF Tipo 4 - 47660 - SABANAS DE SAN ANGEL - Beneficiarios: 1952","SF Tipo 4 - 47660 - SABANAS DE SAN ANGEL - Beneficiarios: 1952",5429,"UNIDAD",6695,36347155,"CDP No 101416 y Vigencias Futuras"]
["Agregar nuevo artículo o servicio","No aplica","No aplica",null,"No aplica","No aplica","No aplica",0,"No aplica",null,"SF Tipo 4 - 47675 - SALAMINA - Beneficiarios: 1074","SF Tipo 4 - 47675 - SALAMINA - Beneficiarios: 1074",2234,"UNIDAD",6695,14956630,"CDP No 101416 y Vigencias Futuras"]
["Agregar nuevo artículo o servicio","No aplica","No aplica",null,"No aplica","No aplica","No aplica",0,"No aplica",null,"SF Tipo 4 - 47692 - SAN SEBASTIAN DE BUENAVISTA - Beneficiarios: 2307","SF Tipo 4 - 47692 - SAN SEBASTIAN DE BUENAVISTA - Beneficiarios: 2307",4206,"UNIDAD",6695,28159170,"CDP No 101416 y Vigencias Futuras"]
["Agregar nuevo artículo o servicio","No aplica","No aplica",null,"No aplica","No aplica","No aplica",0,"No aplica",null,"SF Tipo 4 - 47703 - SAN ZENON - Beneficiarios: 1415","SF Tipo 4 - 47703 - SAN ZENON - Beneficiarios: 1415",2500,"UNIDAD",6695,16737500,"CDP No 101416 y Vigencias Futuras"]
["Agregar nuevo artículo o servicio","No aplica","No aplica",null,"No aplica","No aplica","No aplica",0,"No aplica",null,"SF Tipo 4 - 47707 - SANTA ANA - Beneficiarios: 2068","SF Tipo 4 - 47707 - SANTA ANA - Beneficiarios: 2068",4116,"UNIDAD",6695,27556620,"CDP No 101416 y Vigencias Futuras"]
["Agregar nuevo artículo o servicio","No aplica","No aplica",null,"No aplica","No aplica","No aplica",0,"No aplica",null,"SF Tipo 4 - 47720 - SANTA BARBARA DE PINTO - Beneficiarios: 1419","SF Tipo 4 - 47720 - SANTA BARBARA DE PINTO - Beneficiarios: 1419",2946,"UNIDAD",6695,19723470,"CDP No 101416 y Vigencias Futuras"]
["Agregar nuevo artículo o servicio","No aplica","No aplica",null,"No aplica","No aplica","No aplica",0,"No aplica",null,"SF Tipo 4 - 47745 - SITIONUEVO - Beneficiarios: 2568","SF Tipo 4 - 47745 - SITIONUEVO - Beneficiarios: 2568",8677,"UNIDAD",6695,58092515,"CDP No 101416 y Vigencias Futuras"]
["Agregar nuevo artículo o servicio","No aplica","No aplica",null,"No aplica","No aplica","No aplica",0,"No aplica",null,"SF Tipo 4 - 47798 - TENERIFE - Beneficiarios: 1645","SF Tipo 4 - 47798 - TENERIFE - Beneficiarios: 1645",3326,"UNIDAD",6695,22267570,"CDP No 101416 y Vigencias Futuras"]
["Agregar nuevo artículo o servicio","No aplica","No aplica",null,"No aplica","No aplica","No aplica",0,"No aplica",null,"SF Tipo 4 - 47960 - ZAPAYAN - Beneficiarios: 1396","SF Tipo 4 - 47960 - ZAPAYAN - Beneficiarios: 1396",2522,"UNIDAD",6695,16884790,"CDP No 101416 y Vigencias Futuras"]
["Agregar nuevo artículo o servicio","No aplica","No aplica",null,"No aplica","No aplica","No aplica",0,"No aplica",null,"SF Tipo 4 - 47980 - ZONA BANANERA - Beneficiarios: 8989","SF Tipo 4 - 47980 - ZONA BANANERA - Beneficiarios: 8989",19758,"UNIDAD",6695,132279810,"CDP No 101416 y Vigencias Futuras"]
["Agregar nuevo artículo o servicio","No aplica","No aplica",null,"No aplica","No aplica","No aplica",0,"No aplica",null,"SF Tipo 4 - 52019 - ALBAN - Beneficiarios: 1394","SF Tipo 4 - 52019 - ALBAN - Beneficiarios: 1394",2342,"UNIDAD",6695,15679690,"CDP No 101416 y Vigencias Futuras"]
["Agregar nuevo artículo o servicio","No aplica","No aplica",null,"No aplica","No aplica","No aplica",0,"No aplica",null,"SF Tipo 4 - 52022 - ALDANA - Beneficiarios: 1126","SF Tipo 4 - 52022 - ALDANA - Beneficiarios: 1126",2037,"UNIDAD",6695,13637715,"CDP No 101416 y Vigencias Futuras"]
["Agregar nuevo artículo o servicio","No aplica","No aplica",null,"No aplica","No aplica","No aplica",0,"No aplica",null,"SF Tipo 4 - 52036 - ANCUYA - Beneficiarios: 1101","SF Tipo 4 - 52036 - ANCUYA - Beneficiarios: 1101",1987,"UNIDAD",6695,13302965,"CDP No 101416 y Vigencias Futuras"]
["Agregar nuevo artículo o servicio","No aplica","No aplica",null,"No aplica","No aplica","No aplica",0,"No aplica",null,"SF Tipo 4 - 52051 - ARBOLEDA - Beneficiarios: 1175","SF Tipo 4 - 52051 - ARBOLEDA - Beneficiarios: 1175",2479,"UNIDAD",6695,16596905,"CDP No 101416 y Vigencias Futuras"]
["Agregar nuevo artículo o servicio","No aplica","No aplica",null,"No aplica","No aplica","No aplica",0,"No aplica",null,"SF Tipo 4 - 52079 - BARBACOAS - Beneficiarios: 3431","SF Tipo 4 - 52079 - BARBACOAS - Beneficiarios: 3431",6403,"UNIDAD",6695,42868085,"CDP No 101416 y Vigencias Futuras"]
["Agregar nuevo artículo o servicio","No aplica","No aplica",null,"No aplica","No aplica","No aplica",0,"No aplica",null,"SF Tipo 4 - 52083 - BELEN - Beneficiarios: 833","SF Tipo 4 - 52083 - BELEN - Beneficiarios: 833",1507,"UNIDAD",6695,10089365,"CDP No 101416 y Vigencias Futuras"]
["Agregar nuevo artículo o servicio","No aplica","No aplica",null,"No aplica","No aplica","No aplica",0,"No aplica",null,"SF Tipo 4 - 52110 - BUESACO - Beneficiarios: 2813","SF Tipo 4 - 52110 - BUESACO - Beneficiarios: 2813",5188,"UNIDAD",6695,34733660,"CDP No 101416 y Vigencias Futuras"]
["Agregar nuevo artículo o servicio","No aplica","No aplica",null,"No aplica","No aplica","No aplica",0,"No aplica",null,"SF Tipo 4 - 52203 - COLON - Beneficiarios: 1170","SF Tipo 4 - 52203 - COLON - Beneficiarios: 1170",2154,"UNIDAD",6695,14421030,"CDP No 101416 y Vigencias Futuras"]
["Agregar nuevo artículo o servicio","No aplica","No aplica",null,"No aplica","No aplica","No aplica",0,"No aplica",null,"SF Tipo 4 - 52207 - CONSACA - Beneficiarios: 1175","SF Tipo 4 - 52207 - CONSACA - Beneficiarios: 1175",2073,"UNIDAD",6695,13878735,"CDP No 101416 y Vigencias Futuras"]
["Agregar nuevo artículo o servicio","No aplica","No aplica",null,"No aplica","No aplica","No aplica",0,"No aplica",null,"SF Tipo 4 - 52210 - CONTADERO - Beneficiarios: 874","SF Tipo 4 - 52210 - CONTADERO - Beneficiarios: 874",1624,"UNIDAD",6695,10872680,"CDP No 101416 y Vigencias Futuras"]
["Agregar nuevo artículo o servicio","No aplica","No aplica",null,"No aplica","No aplica","No aplica",0,"No aplica",null,"SF Tipo 4 - 52215 - CORDOBA - Beneficiarios: 2098","SF Tipo 4 - 52215 - CORDOBA - Beneficiarios: 2098",3840,"UNIDAD",6695,25708800,"CDP No 101416 y Vigencias Futuras"]
["Agregar nuevo artículo o servicio","No aplica","No aplica",null,"No aplica","No aplica","No aplica",0,"No aplica",null,"SF Tipo 4 - 52224 - CUASPUD - Beneficiarios: 1430","SF Tipo 4 - 52224 - CUASPUD - Beneficiarios: 1430",2622,"UNIDAD",6695,17554290,"CDP No 101416 y Vigencias Futuras"]
["Agregar nuevo artículo o servicio","No aplica","No aplica",null,"No aplica","No aplica","No aplica",0,"No aplica",null,"SF Tipo 4 - 52227 - CUMBAL - Beneficiarios: 4909","SF Tipo 4 - 52227 - CUMBAL - Beneficiarios: 4909",9095,"UNIDAD",6695,60891025,"CDP No 101416 y Vigencias Futuras"]
["Agregar nuevo artículo o servicio","No aplica","No aplica",null,"No aplica","No aplica","No aplica",0,"No aplica",null,"SF Tipo 4 - 52233 - CUMBITARA - Beneficiarios: 1087","SF Tipo 4 - 52233 - CUMBITARA - Beneficiarios: 1087",1939,"UNIDAD",6695,12981605,"CDP No 101416 y Vigencias Futuras"]
["Agregar nuevo artículo o servicio","No aplica","No aplica",null,"No aplica","No aplica","No aplica",0,"No aplica",null,"SF Tipo 4 - 52240 - CHACHAGsI - Beneficiarios: 1614","SF Tipo 4 - 52240 - CHACHAGsI - Beneficiarios: 1614",2947,"UNIDAD",6695,19730165,"CDP No 101416 y Vigencias Futuras"]
["Agregar nuevo artículo o servicio","No aplica","No aplica",null,"No aplica","No aplica","No aplica",0,"No aplica",null,"SF Tipo 4 - 52250 - EL CHARCO - Beneficiarios: 3008","SF Tipo 4 - 52250 - EL CHARCO - Beneficiarios: 3008",6662,"UNIDAD",6695,44602090,"CDP No 101416 y Vigencias Futuras"]
["Agregar nuevo artículo o servicio","No aplica","No aplica",null,"No aplica","No aplica","No aplica",0,"No aplica",null,"SF Tipo 4 - 52254 - EL PEÑOL - Beneficiarios: 933","SF Tipo 4 - 52254 - EL PEÑOL - Beneficiarios: 933",1719,"UNIDAD",6695,11508705,"CDP No 101416 y Vigencias Futuras"]
["Agregar nuevo artículo o servicio","No aplica","No aplica",null,"No aplica","No aplica","No aplica",0,"No aplica",null,"SF Tipo 4 - 52256 - EL ROSARIO - Beneficiarios: 1310","SF Tipo 4 - 52256 - EL ROSARIO - Beneficiarios: 1310",2680,"UNIDAD",6695,17942600,"CDP No 101416 y Vigencias Futuras"]
["Agregar nuevo artículo o servicio","No aplica","No aplica",null,"No aplica","No aplica","No aplica",0,"No aplica",null,"SF Tipo 4 - 52258 - EL TABLON DE GOMEZ - Beneficiarios: 2221","SF Tipo 4 - 52258 - EL TABLON DE GOMEZ - Beneficiarios: 2221",4097,"UNIDAD",6695,27429415,"CDP No 101416 y Vigencias Futuras"]
["Agregar nuevo artículo o servicio","No aplica","No aplica",null,"No aplica","No aplica","No aplica",0,"No aplica",null,"SF Tipo 4 - 52260 - EL TAMBO - Beneficiarios: 1657","SF Tipo 4 - 52260 - EL TAMBO - Beneficiarios: 1657",3383,"UNIDAD",6695,22649185,"CDP No 101416 y Vigencias Futuras"]
["Agregar nuevo artículo o servicio","No aplica","No aplica",null,"No aplica","No aplica","No aplica",0,"No aplica",null,"SF Tipo 4 - 52287 - FUNES - Beneficiarios: 886","SF Tipo 4 - 52287 - FUNES - Beneficiarios: 886",1626,"UNIDAD",6695,10886070,"CDP No 101416 y Vigencias Futuras"]
["Agregar nuevo artículo o servicio","No aplica","No aplica",null,"No aplica","No aplica","No aplica",0,"No aplica",null,"SF Tipo 4 - 52317 - GUACHUCAL - Beneficiarios: 2470","SF Tipo 4 - 52317 - GUACHUCAL - Beneficiarios: 2470",4470,"UNIDAD",6695,29926650,"CDP No 101416 y Vigencias Futuras"]
["Agregar nuevo artículo o servicio","No aplica","No aplica",null,"No aplica","No aplica","No aplica",0,"No aplica",null,"SF Tipo 4 - 52320 - GUAITARILLA - Beneficiarios: 1311","SF Tipo 4 - 52320 - GUAITARILLA - Beneficiarios: 1311",2420,"UNIDAD",6695,16201900,"CDP No 101416 y Vigencias Futuras"]
["Agregar nuevo artículo o servicio","No aplica","No aplica",null,"No aplica","No aplica","No aplica",0,"No aplica",null,"SF Tipo 4 - 52323 - GUALMATAN - Beneficiarios: 826","SF Tipo 4 - 52323 - GUALMATAN - Beneficiarios: 826",1533,"UNIDAD",6695,10263435,"CDP No 101416 y Vigencias Futuras"]
["Agregar nuevo artículo o servicio","No aplica","No aplica",null,"No aplica","No aplica","No aplica",0,"No aplica",null,"SF Tipo 4 - 52352 - ILES - Beneficiarios: 1039","SF Tipo 4 - 52352 - ILES - Beneficiarios: 1039",1857,"UNIDAD",6695,12432615,"CDP No 101416 y Vigencias Futuras"]
["Agregar nuevo artículo o servicio","No aplica","No aplica",null,"No aplica","No aplica","No aplica",0,"No aplica",null,"SF Tipo 4 - 52354 - IMUES - Beneficiarios: 699","SF Tipo 4 - 52354 - IMUES - Beneficiarios: 699",1307,"UNIDAD",6695,8750365,"CDP No 101416 y Vigencias Futuras"]
["Agregar nuevo artículo o servicio","No aplica","No aplica",null,"No aplica","No aplica","No aplica",0,"No aplica",null,"SF Tipo 4 - 52356 - IPIALES - Beneficiarios: 11168","SF Tipo 4 - 52356 - IPIALES - Beneficiarios: 11168",22755,"UNIDAD",6695,152344725,"CDP No 101416 y Vigencias Futuras"]
["Agregar nuevo artículo o servicio","No aplica","No aplica",null,"No aplica","No aplica","No aplica",0,"No aplica",null,"SF Tipo 4 - 52378 - LA CRUZ - Beneficiarios: 2509","SF Tipo 4 - 52378 - LA CRUZ - Beneficiarios: 2509",4548,"UNIDAD",6695,30448860,"CDP No 101416 y Vigencias Futuras"]
["Agregar nuevo artículo o servicio","No aplica","No aplica",null,"No aplica","No aplica","No aplica",0,"No aplica",null,"SF Tipo 4 - 52381 - LA FLORIDA - Beneficiarios: 1356","SF Tipo 4 - 52381 - LA FLORIDA - Beneficiarios: 1356",2500,"UNIDAD",6695,16737500,"CDP No 101416 y Vigencias Futuras"]
["Agregar nuevo artículo o servicio","No aplica","No aplica",null,"No aplica","No aplica","No aplica",0,"No aplica",null,"SF Tipo 4 - 52385 - LA LLANADA - Beneficiarios: 606","SF Tipo 4 - 52385 - LA LLANADA - Beneficiarios: 606",1396,"UNIDAD",6695,{"$f":"ROUND(M306*O306, 2)","v":9346220},"CDP No 101416 y Vigencias Futuras"]
["Agregar nuevo artículo o servicio","No aplica","No aplica",null,"No aplica","No aplica","No aplica",0,"No aplica",null,"SF Tipo 4 - 52390 - LA TOLA - Beneficiarios: 1043","SF Tipo 4 - 52390 - LA TOLA - Beneficiarios: 1043",1901,"UNIDAD",6695,12727195,"CDP No 101416 y Vigencias Futuras"]
["Agregar nuevo artículo o servicio","No aplica","No aplica",null,"No aplica","No aplica","No aplica",0,"No aplica",null,"SF Tipo 4 - 52399 - LA UNION - Beneficiarios: 3940","SF Tipo 4 - 52399 - LA UNION - Beneficiarios: 3940",8267,"UNIDAD",6695,55347565,"CDP No 101416 y Vigencias Futuras"]
["Agregar nuevo artículo o servicio","No aplica","No aplica",null,"No aplica","No aplica","No aplica",0,"No aplica",null,"SF Tipo 4 - 52405 - LEIVA - Beneficiarios: 1519","SF Tipo 4 - 52405 - LEIVA - Beneficiarios: 1519",2983,"UNIDAD",6695,19971185,"CDP No 101416 y Vigencias Futuras"]
["Agregar nuevo artículo o servicio","No aplica","No aplica",null,"No aplica","No aplica","No aplica",0,"No aplica",null,"SF Tipo 4 - 52411 - LINARES - Beneficiarios: 1418","SF Tipo 4 - 52411 - LINARES - Beneficiarios: 1418",2548,"UNIDAD",6695,17058860,"CDP No 101416 y Vigencias Futuras"]
["Agregar nuevo artículo o servicio","No aplica","No aplica",null,"No aplica","No aplica","No aplica",0,"No aplica",null,"SF Tipo 4 - 52418 - LOS ANDES - Beneficiarios: 1421","SF Tipo 4 - 52418 - LOS ANDES - Beneficiarios: 1421",3081,"UNIDAD",6695,20627295,"CDP No 101416 y Vigencias Futuras"]
["Agregar nuevo artículo o servicio","No aplica","No aplica",null,"No aplica","No aplica","No aplica",0,"No aplica",null,"SF Tipo 4 - 52427 - MAGsI - Beneficiarios: 1244","SF Tipo 4 - 52427 - MAGsI - Beneficiarios: 1244",2319,"UNIDAD",6695,15525705,"CDP No 101416 y Vigencias Futuras"]
["Agregar nuevo artículo o servicio","No aplica","No aplica",null,"No aplica","No aplica","No aplica",0,"No aplica",null,"SF Tipo 4 - 52435 - MALLAMA - Beneficiarios: 1131","SF Tipo 4 - 52435 - MALLAMA - Beneficiarios: 1131",2084,"UNIDAD",6695,13952380,"CDP No 101416 y Vigencias Futuras"]
["Agregar nuevo artículo o servicio","No aplica","No aplica",null,"No aplica","No aplica","No aplica",0,"No aplica",null,"SF Tipo 4 - 52473 - MOSQUERA - Beneficiarios: 1089","SF Tipo 4 - 52473 - MOSQUERA - Beneficiarios: 1089",1993,"UNIDAD",6695,13343135,"CDP No 101416 y Vigencias Futuras"]
["Agregar nuevo artículo o servicio","No aplica","No aplica",null,"No aplica","No aplica","No aplica",0,"No aplica",null,"SF Tipo 4 - 52480 - NARIÑO - Beneficiarios: 483","SF Tipo 4 - 52480 - NARIÑO - Beneficiarios: 483",909,"UNIDAD",6695,6085755,"CDP No 101416 y Vigencias Futuras"]
["Agregar nuevo artículo o servicio","No aplica","No aplica",null,"No aplica","No aplica","No aplica",0,"No aplica",null,"SF Tipo 4 - 52490 - OLAYA HERRERA - Beneficiarios: 3390","SF Tipo 4 - 52490 - OLAYA HERRERA - Beneficiarios: 3390",7182,"UNIDAD",6695,48083490,"CDP No 101416 y Vigencias Futuras"]
["Agregar nuevo artículo o servicio","No aplica","No aplica",null,"No aplica","No aplica","No aplica",0,"No aplica",null,"SF Tipo 4 - 52506 - OSPINA - Beneficiarios: 912","SF Tipo 4 - 52506 - OSPINA - Beneficiarios: 912",1595,"UNIDAD",6695,10678525,"CDP No 101416 y Vigencias Futuras"]
["Agregar nuevo artículo o servicio","No aplica","No aplica",null,"No aplica","No aplica","No aplica",0,"No aplica",null,"SF Tipo 4 - 52520 - FRANCISCO PIZARRO - Beneficiarios: 1115","SF Tipo 4 - 52520 - FRANCISCO PIZARRO - Beneficiarios: 1115",2115,"UNIDAD",6695,14159925,"CDP No 101416 y Vigencias Futuras"]
["Agregar nuevo artículo o servicio","No aplica","No aplica",null,"No aplica","No aplica","No aplica",0,"No aplica",null,"SF Tipo 4 - 52540 - POLICARPA - Beneficiarios: 1829","SF Tipo 4 - 52540 - POLICARPA - Beneficiarios: 1829",3432,"UNIDAD",6695,22977240,"CDP No 101416 y Vigencias Futuras"]
["Agregar nuevo artículo o servicio","No aplica","No aplica",null,"No aplica","No aplica","No aplica",0,"No aplica",null,"SF Tipo 4 - 52560 - POTOSI - Beneficiarios: 1157","SF Tipo 4 - 52560 - POTOSI - Beneficiarios: 1157",2239,"UNIDAD",6695,14990105,"CDP No 101416 y Vigencias Futuras"]
["Agregar nuevo artículo o servicio","No aplica","No aplica",null,"No aplica","No aplica","No aplica",0,"No aplica",null,"SF Tipo 4 - 52565 - PROVIDENCIA - Beneficiarios: 825","SF Tipo 4 - 52565 - PROVIDENCIA - Beneficiarios: 825",1692,"UNIDAD",6695,11327940,"CDP No 101416 y Vigencias Futuras"]
["Agregar nuevo artículo o servicio","No aplica","No aplica",null,"No aplica","No aplica","No aplica",0,"No aplica",null,"SF Tipo 4 - 52573 - PUERRES - Beneficiarios: 1145","SF Tipo 4 - 52573 - PUERRES - Beneficiarios: 1145",2109,"UNIDAD",6695,14119755,"CDP No 101416 y Vigencias Futuras"]
["Agregar nuevo artículo o servicio","No aplica","No aplica",null,"No aplica","No aplica","No aplica",0,"No aplica",null,"SF Tipo 4 - 52585 - PUPIALES - Beneficiarios: 2137","SF Tipo 4 - 52585 - PUPIALES - Beneficiarios: 2137",3926,"UNIDAD",6695,26284570,"CDP No 101416 y Vigencias Futuras"]
["Agregar nuevo artículo o servicio","No aplica","No aplica",null,"No aplica","No aplica","No aplica",0,"No aplica",null,"SF Tipo 4 - 52612 - RICAURTE - Beneficiarios: 1835","SF Tipo 4 - 52612 - RICAURTE - Beneficiarios: 1835",4010,"UNIDAD",6695,26846950,"CDP No 101416 y Vigencias Futuras"]
["Agregar nuevo artículo o servicio","No aplica","No aplica",null,"No aplica","No aplica","No aplica",0,"No aplica",null,"SF Tipo 4 - 52621 - ROBERTO PAYAN - Beneficiarios: 1552","SF Tipo 4 - 52621 - ROBERTO PAYAN - Beneficiarios: 1552",2981,"UNIDAD",6695,19957795,"CDP No 101416 y Vigencias Futuras"]
["Agregar nuevo artículo o servicio","No aplica","No aplica",null,"No aplica","No aplica","No aplica",0,"No aplica",null,"SF Tipo 4 - 52678 - SAMANIEGO - Beneficiarios: 4006","SF Tipo 4 - 52678 - SAMANIEGO - Beneficiarios: 4006",8303,"UNIDAD",6695,55588585,"CDP No 101416 y Vigencias Futuras"]
["Agregar nuevo artículo o servicio","No aplica","No aplica",null,"No aplica","No aplica","No aplica",0,"No aplica",null,"SF Tipo 4 - 52683 - SANDONA - Beneficiarios: 2289","SF Tipo 4 - 52683 - SANDONA - Beneficiarios: 2289",4390,"UNIDAD",6695,29391050,"CDP No 101416 y Vigencias Futuras"]
["Agregar nuevo artículo o servicio","No aplica","No aplica",null,"No aplica","No aplica","No aplica",0,"No aplica",null,"SF Tipo 4 - 52685 - SAN BERNARDO - Beneficiarios: 1168","SF Tipo 4 - 52685 - SAN BERNARDO - Beneficiarios: 1168",2321,"UNIDAD",6695,15539095,"CDP No 101416 y Vigencias Futuras"]
["Agregar nuevo artículo o servicio","No aplica","No aplica",null,"No aplica","No aplica","No aplica",0,"No aplica",null,"SF Tipo 4 - 52687 - SAN LORENZO - Beneficiarios: 2153","SF Tipo 4 - 52687 - SAN LORENZO - Beneficiarios: 2153",4639,"UNIDAD",6695,31058105,"CDP No 101416 y Vigencias Futuras"]
["Agregar nuevo artículo o servicio","No aplica","No aplica",null,"No aplica","No aplica","No aplica",0,"No aplica",null,"SF Tipo 4 - 52693 - SAN PABLO - Beneficiarios: 1946","SF Tipo 4 - 52693 - SAN PABLO - Beneficiarios: 1946",3592,"UNIDAD",6695,24048440,"CDP No 101416 y Vigencias Futuras"]
["Agregar nuevo artículo o servicio","No aplica","No aplica",null,"No aplica","No aplica","No aplica",0,"No aplica",null,"SF Tipo 4 - 52694 - SAN PEDRO DE CARTAGO - Beneficiarios: 974","SF Tipo 4 - 52694 - SAN PEDRO DE CARTAGO - Beneficiarios: 974",1909,"UNIDAD",6695,12780755,"CDP No 101416 y Vigencias Futuras"]
["Agregar nuevo artículo o servicio","No aplica","No aplica",null,"No aplica","No aplica","No aplica",0,"No aplica",null,"SF Tipo 4 - 52696 - SANTA BARBARA - Beneficiarios: 1189","SF Tipo 4 - 52696 - SANTA BARBARA - Beneficiarios: 1189",2739,"UNIDAD",6695,18337605,"CDP No 101416 y Vigencias Futuras"]
["Agregar nuevo artículo o servicio","No aplica","No aplica",null,"No aplica","No aplica","No aplica",0,"No aplica",null,"SF Tipo 4 - 52699 - SANTACRUZ - Beneficiarios: 1145","SF Tipo 4 - 52699 - SANTACRUZ - Beneficiarios: 1145",2098,"UNIDAD",6695,14046110,"CDP No 101416 y Vigencias Futuras"]
["Agregar nuevo artículo o servicio","No aplica","No aplica",null,"No aplica","No aplica","No aplica",0,"No aplica",null,"SF Tipo 4 - 52720 - SAPUYES - Beneficiarios: 736","SF Tipo 4 - 52720 - SAPUYES - Beneficiarios: 736",1385,"UNIDAD",6695,9272575,"CDP No 101416 y Vigencias Futuras"]
["Agregar nuevo artículo o servicio","No aplica","No aplica",null,"No aplica","No aplica","No aplica",0,"No aplica",null,"SF Tipo 4 - 52786 - TAMINANGO - Beneficiarios: 2594","SF Tipo 4 - 52786 - TAMINANGO - Beneficiarios: 2594",4984,"UNIDAD",6695,33367880,"CDP No 101416 y Vigencias Futuras"]
["Agregar nuevo artículo o servicio","No aplica","No aplica",null,"No aplica","No aplica","No aplica",0,"No aplica",null,"SF Tipo 4 - 52788 - TANGUA - Beneficiarios: 1301","SF Tipo 4 - 52788 - TANGUA - Beneficiarios: 1301",2300,"UNIDAD",6695,15398500,"CDP No 101416 y Vigencias Futuras"]
["Agregar nuevo artículo o servicio","No aplica","No aplica",null,"No aplica","No aplica","No aplica",0,"No aplica",null,"SF Tipo 4 - 52838 - TUQUERRES - Beneficiarios: 5851","SF Tipo 4 - 52838 - TUQUERRES - Beneficiarios: 5851",10583,"UNIDAD",6695,70853185,"CDP No 101416 y Vigencias Futuras"]
["Agregar nuevo artículo o servicio","No aplica","No aplica",null,"No aplica","No aplica","No aplica",0,"No aplica",null,"SF Tipo 4 - 52885 - YACUANQUER - Beneficiarios: 1404","SF Tipo 4 - 52885 - YACUANQUER - Beneficiarios: 1404",2552,"UNIDAD",6695,17085640,"CDP No 101416 y Vigencias Futuras"]
["Agregar nuevo artículo o servicio","No aplica","No aplica",null,"No aplica","No aplica","No aplica",0,"No aplica",null,"SF Tipo 4 - 76020 - ALCALA - Beneficiarios: 653","SF Tipo 4 - 76020 - ALCALA - Beneficiarios: 653",1217,"UNIDAD",6695,8147815,"CDP No 101416 y Vigencias Futuras"]
["Agregar nuevo artículo o servicio","No aplica","No aplica",null,"No aplica","No aplica","No aplica",0,"No aplica",null,"SF Tipo 4 - 76036 - ANDALUCIA - Beneficiarios: 822","SF Tipo 4 - 76036 - ANDALUCIA - Beneficiarios: 822",1613,"UNIDAD",6695,10799035,"CDP No 101416 y Vigencias Futuras"]
["Agregar nuevo artículo o servicio","No aplica","No aplica",null,"No aplica","No aplica","No aplica",0,"No aplica",null,"SF Tipo 4 - 76041 - ANSERMANUEVO - Beneficiarios: 1500","SF Tipo 4 - 76041 - ANSERMANUEVO - Beneficiarios: 1500",2958,"UNIDAD",6695,19803810,"CDP No 101416 y Vigencias Futuras"]
["Agregar nuevo artículo o servicio","No aplica","No aplica",null,"No aplica","No aplica","No aplica",0,"No aplica",null,"SF Tipo 4 - 76054 - ARGELIA - Beneficiarios: 485","SF Tipo 4 - 76054 - ARGELIA - Beneficiarios: 485",897,"UNIDAD",6695,6005415,"CDP No 101416 y Vigencias Futuras"]
["Agregar nuevo artículo o servicio","No aplica","No aplica",null,"No aplica","No aplica","No aplica",0,"No aplica",null,"SF Tipo 4 - 76100 - BOLIVAR - Beneficiarios: 862","SF Tipo 4 - 76100 - BOLIVAR - Beneficiarios: 862",1645,"UNIDAD",6695,11013275,"CDP No 101416 y Vigencias Futuras"]
["Agregar nuevo artículo o servicio","No aplica","No aplica",null,"No aplica","No aplica","No aplica",0,"No aplica",null,"SF Tipo 4 - 76111 - GUADALAJARA DE BUGA - Beneficiarios: 4049","SF Tipo 4 - 76111 - GUADALAJARA DE BUGA - Beneficiarios: 4049",8612,"UNIDAD",6695,57657340,"CDP No 101416 y Vigencias Futuras"]
["Agregar nuevo artículo o servicio","No aplica","No aplica",null,"No aplica","No aplica","No aplica",0,"No aplica",null,"SF Tipo 4 - 76113 - BUGALAGRANDE - Beneficiarios: 1276","SF Tipo 4 - 76113 - BUGALAGRANDE - Beneficiarios: 1276",2344,"UNIDAD",6695,15693080,"CDP No 101416 y Vigencias Futuras"]
["Agregar nuevo artículo o servicio","No aplica","No aplica",null,"No aplica","No aplica","No aplica",0,"No aplica",null,"SF Tipo 4 - 76122 - CAICEDONIA - Beneficiarios: 1409","SF Tipo 4 - 76122 - CAICEDONIA - Beneficiarios: 1409",2538,"UNIDAD",6695,16991910,"CDP No 101416 y Vigencias Futuras"]
["Agregar nuevo artículo o servicio","No aplica","No aplica",null,"No aplica","No aplica","No aplica",0,"No aplica",null,"SF Tipo 4 - 76126 - CALIMA - Beneficiarios: 1176","SF Tipo 4 - 76126 - CALIMA - Beneficiarios: 1176",2397,"UNIDAD",6695,16047915,"CDP No 101416 y Vigencias Futuras"]
["Agregar nuevo artículo o servicio","No aplica","No aplica",null,"No aplica","No aplica","No aplica",0,"No aplica",null,"SF Tipo 4 - 76130 - CANDELARIA - Beneficiarios: 4126","SF Tipo 4 - 76130 - CANDELARIA - Beneficiarios: 4126",8184,"UNIDAD",6695,54791880,"CDP No 101416 y Vigencias Futuras"]
["Agregar nuevo artículo o servicio","No aplica","No aplica",null,"No aplica","No aplica","No aplica",0,"No aplica",null,"SF Tipo 4 - 76147 - CARTAGO - Beneficiarios: 5248","SF Tipo 4 - 76147 - CARTAGO - Beneficiarios: 5248",9673,"UNIDAD",6695,64760735,"CDP No 101416 y Vigencias Futuras"]
["Agregar nuevo artículo o servicio","No aplica","No aplica",null,"No aplica","No aplica","No aplica",0,"No aplica",null,"SF Tipo 4 - 76233 - DAGUA - Beneficiarios: 4327","SF Tipo 4 - 76233 - DAGUA - Beneficiarios: 4327",8125,"UNIDAD",6695,54396875,"CDP No 101416 y Vigencias Futuras"]
["Agregar nuevo artículo o servicio","No aplica","No aplica",null,"No aplica","No aplica","No aplica",0,"No aplica",null,"SF Tipo 4 - 76243 - EL AGUILA - Beneficiarios: 760","SF Tipo 4 - 76243 - EL AGUILA - Beneficiarios: 760",1475,"UNIDAD",6695,9875125,"CDP No 101416 y Vigencias Futuras"]
["Agregar nuevo artículo o servicio","No aplica","No aplica",null,"No aplica","No aplica","No aplica",0,"No aplica",null,"SF Tipo 4 - 76246 - EL CAIRO - Beneficiarios: 440","SF Tipo 4 - 76246 - EL CAIRO - Beneficiarios: 440",845,"UNIDAD",6695,5657275,"CDP No 101416 y Vigencias Futuras"]
["Agregar nuevo artículo o servicio","No aplica","No aplica",null,"No aplica","No aplica","No aplica",0,"No aplica",null,"SF Tipo 4 - 76248 - EL CERRITO - Beneficiarios: 2492","SF Tipo 4 - 76248 - EL CERRITO - Beneficiarios: 2492",4783,"UNIDAD",6695,{"$f":"ROUND(M353*O353, 2)","v":32022185},"CDP No 101416 y Vigencias Futuras"]
["Agregar nuevo artículo o servicio","No aplica","No aplica",null,"No aplica","No aplica","No aplica",0,"No aplica",null,"SF Tipo 4 - 76250 - EL DOVIO - Beneficiarios: 600","SF Tipo 4 - 76250 - EL DOVIO - Beneficiarios: 600",1121,"UNIDAD",6695,7505095,"CDP No 101416 y Vigencias Futuras"]
["Agregar nuevo artículo o servicio","No aplica","No aplica",null,"No aplica","No aplica","No aplica",0,"No aplica",null,"SF Tipo 4 - 76275 - FLORIDA - Beneficiarios: 2478","SF Tipo 4 - 76275 - FLORIDA - Beneficiarios: 2478",4628,"UNIDAD",6695,30984460,"CDP No 101416 y Vigencias Futuras"]
["Agregar nuevo artículo o servicio","No aplica","No aplica",null,"No aplica","No aplica","No aplica",0,"No aplica",null,"SF Tipo 4 - 76306 - GINEBRA - Beneficiarios: 983","SF Tipo 4 - 76306 - GINEBRA - Beneficiarios: 983",2059,"UNIDAD",6695,13785005,"CDP No 101416 y Vigencias Futuras"]
["Agregar nuevo artículo o servicio","No aplica","No aplica",null,"No aplica","No aplica","No aplica",0,"No aplica",null,"SF Tipo 4 - 76318 - GUACARI - Beneficiarios: 1140","SF Tipo 4 - 76318 - GUACARI - Beneficiarios: 1140",2107,"UNIDAD",6695,14106365,"CDP No 101416 y Vigencias Futuras"]
["Agregar nuevo artículo o servicio","No aplica","No aplica",null,"No aplica","No aplica","No aplica",0,"No aplica",null,"SF Tipo 4 - 76364 - JAMUNDI - Beneficiarios: 3885","SF Tipo 4 - 76364 - JAMUNDI - Beneficiarios: 3885",9101,"UNIDAD",6695,60931195,"CDP No 101416 y Vigencias Futuras"]
["Agregar nuevo artículo o servicio","No aplica","No aplica",null,"No aplica","No aplica","No aplica",0,"No aplica",null,"SF Tipo 4 - 76377 - LA CUMBRE - Beneficiarios: 794","SF Tipo 4 - 76377 - LA CUMBRE - Beneficiarios: 794",1433,"UNIDAD",6695,9593935,"CDP No 101416 y Vigencias Futuras"]
["Agregar nuevo artículo o servicio","No aplica","No aplica",null,"No aplica","No aplica","No aplica",0,"No aplica",null,"SF Tipo 4 - 76400 - LA UNION - Beneficiarios: 1678","SF Tipo 4 - 76400 - LA UNION - Beneficiarios: 1678",3625,"UNIDAD",6695,24269375,"CDP No 101416 y Vigencias Futuras"]
["Agregar nuevo artículo o servicio","No aplica","No aplica",null,"No aplica","No aplica","No aplica",0,"No aplica",null,"SF Tipo 4 - 76403 - LA VICTORIA - Beneficiarios: 568","SF Tipo 4 - 76403 - LA VICTORIA - Beneficiarios: 568",1040,"UNIDAD",6695,6962800,"CDP No 101416 y Vigencias Futuras"]
["Agregar nuevo artículo o servicio","No aplica","No aplica",null,"No aplica","No aplica","No aplica",0,"No aplica",null,"SF Tipo 4 - 76497 - OBANDO - Beneficiarios: 950","SF Tipo 4 - 76497 - OBANDO - Beneficiarios: 950",1756,"UNIDAD",6695,11756420,"CDP No 101416 y Vigencias Futuras"]
["Agregar nuevo artículo o servicio","No aplica","No aplica",null,"No aplica","No aplica","No aplica",0,"No aplica",null,"SF Tipo 4 - 76520 - PALMIRA - Beneficiarios: 7113","SF Tipo 4 - 76520 - PALMIRA - Beneficiarios: 7113",13425,"UNIDAD",6695,89880375,"CDP No 101416 y Vigencias Futuras"]
["Agregar nuevo artículo o servicio","No aplica","No aplica",null,"No aplica","No aplica","No aplica",0,"No aplica",null,"SF Tipo 4 - 76563 - PRADERA - Beneficiarios: 4469","SF Tipo 4 - 76563 - PRADERA - Beneficiarios: 4469",8605,"UNIDAD",6695,57610475,"CDP No 101416 y Vigencias Futuras"]
["Agregar nuevo artículo o servicio","No aplica","No aplica",null,"No aplica","No aplica","No aplica",0,"No aplica",null,"SF Tipo 4 - 76606 - RESTREPO - Beneficiarios: 983","SF Tipo 4 - 76606 - RESTREPO - Beneficiarios: 983",2302,"UNIDAD",6695,15411890,"CDP No 101416 y Vigencias Futuras"]
["Agregar nuevo artículo o servicio","No aplica","No aplica",null,"No aplica","No aplica","No aplica",0,"No aplica",null,"SF Tipo 4 - 76616 - RIOFRIO - Beneficiarios: 1140","SF Tipo 4 - 76616 - RIOFRIO - Beneficiarios: 1140",2174,"UNIDAD",6695,14554930,"CDP No 101416 y Vigencias Futuras"]
["Agregar nuevo artículo o servicio","No aplica","No aplica",null,"No aplica","No aplica","No aplica",0,"No aplica",null,"SF Tipo 4 - 76622 - ROLDANILLO - Beneficiarios: 1245","SF Tipo 4 - 76622 - ROLDANILLO - Beneficiarios: 1245",2449,"UNIDAD",6695,16396055,"CDP No 101416 y Vigencias Futuras"]
["Agregar nuevo artículo o servicio","No aplica","No aplica",null,"No aplica","No aplica","No aplica",0,"No aplica",null,"SF Tipo 4 - 76670 - SAN PEDRO - Beneficiarios: 1014","SF Tipo 4 - 76670 - SAN PEDRO - Beneficiarios: 1014",2035,"UNIDAD",6695,13624325,"CDP No 101416 y Vigencias Futuras"]
["Agregar nuevo artículo o servicio","No aplica","No aplica",null,"No aplica","No aplica","No aplica",0,"No aplica",null,"SF Tipo 4 - 76736 - SEVILLA - Beneficiarios: 1497","SF Tipo 4 - 76736 - SEVILLA - Beneficiarios: 1497",2920,"UNIDAD",6695,19549400,"CDP No 101416 y Vigencias Futuras"]
["Agregar nuevo artículo o servicio","No aplica","No aplica",null,"No aplica","No aplica","No aplica",0,"No aplica",null,"SF Tipo 4 - 76823 - TORO - Beneficiarios: 1565","SF Tipo 4 - 76823 - TORO - Beneficiarios: 1565",2912,"UNIDAD",6695,19495840,"CDP No 101416 y Vigencias Futuras"]
["Agregar nuevo artículo o servicio","No aplica","No aplica",null,"No aplica","No aplica","No aplica",0,"No aplica",null,"SF Tipo 4 - 76828 - TRUJILLO - Beneficiarios: 1600","SF Tipo 4 - 76828 - TRUJILLO - Beneficiarios: 1600",2970,"UNIDAD",6695,19884150,"CDP No 101416 y Vigencias Futuras"]
["Agregar nuevo artículo o servicio","No aplica","No aplica",null,"No aplica","No aplica","No aplica",0,"No aplica",null,"SF Tipo 4 - 76834 - TULUA - Beneficiarios: 10701","SF Tipo 4 - 76834 - TULUA - Beneficiarios: 10701",24346,"UNIDAD",6695,162996470,"CDP No 101416 y Vigencias Futuras"]
["Agregar nuevo artículo o servicio","No aplica","No aplica",null,"No aplica","No aplica","No aplica",0,"No aplica",null,"SF Tipo 4 - 76845 - ULLOA - Beneficiarios: 272","SF Tipo 4 - 76845 - ULLOA - Beneficiarios: 272",500,"UNIDAD",6695,3347500,"CDP No 101416 y Vigencias Futuras"]
["Agregar nuevo artículo o servicio","No aplica","No aplica",null,"No aplica","No aplica","No aplica",0,"No aplica",null,"SF Tipo 4 - 76863 - VERSALLES - Beneficiarios: 533","SF Tipo 4 - 76863 - VERSALLES - Beneficiarios: 533",979,"UNIDAD",6695,6554405,"CDP No 101416 y Vigencias Futuras"]
["Agregar nuevo artículo o servicio","No aplica","No aplica",null,"No aplica","No aplica","No aplica",0,"No aplica",null,"SF Tipo 4 - 76869 - VIJES - Beneficiarios: 590","SF Tipo 4 - 76869 - VIJES - Beneficiarios: 590",1055,"UNIDAD",6695,7063225,"CDP No 101416 y Vigencias Futuras"]
["Agregar nuevo artículo o servicio","No aplica","No aplica",null,"No aplica","No aplica","No aplica",0,"No aplica",null,"SF Tipo 4 - 76890 - YOTOCO - Beneficiarios: 863","SF Tipo 4 - 76890 - YOTOCO - Beneficiarios: 863",1686,"UNIDAD",6695,11287770,"CDP No 101416 y Vigencias Futuras"]
["Agregar nuevo artículo o servicio","No aplica","No aplica",null,"No aplica","No aplica","No aplica",0,"No aplica",null,"SF Tipo 4 - 76892 - YUMBO - Beneficiarios: 3408","SF Tipo 4 - 76892 - YUMBO - Beneficiarios: 3408",6987,"UNIDAD",6695,46777965,"CDP No 101416 y Vigencias Futuras"]
["Agregar nuevo artículo o servicio","No aplica","No aplica",null,"No aplica","No aplica","No aplica",0,"No aplica",null,"SF Tipo 4 - 76895 - ZARZAL - Beneficiarios: 2380","SF Tipo 4 - 76895 - ZARZAL - Beneficiarios: 2380",4453,"UNIDAD",6695,29812835,"CDP No 101416 y Vigencias Futuras"]
["Agregar nuevo artículo o servicio","No aplica","No aplica",null,"No aplica","No aplica","No aplica",0,"No aplica",null,"SF Tipo 4 - 81065 - ARAUQUITA - Beneficiarios: 4311","SF Tipo 4 - 81065 - ARAUQUITA - Beneficiarios: 4311",8232,"UNIDAD",6695,55113240,"CDP No 101416 y Vigencias Futuras"]
["Agregar nuevo artículo o servicio","No aplica","No aplica",null,"No aplica","No aplica","No aplica",0,"No aplica",null,"SF Tipo 4 - 81220 - CRAVO NORTE - Beneficiarios: 430","SF Tipo 4 - 81220 - CRAVO NORTE - Beneficiarios: 430",1029,"UNIDAD",6695,6889155,"CDP No 101416 y Vigencias Futuras"]
["Agregar nuevo artículo o servicio","No aplica","No aplica",null,"No aplica","No aplica","No aplica",0,"No aplica",null,"SF Tipo 4 - 81300 - FORTUL - Beneficiarios: 2331","SF Tipo 4 - 81300 - FORTUL - Beneficiarios: 2331",5247,"UNIDAD",6695,35128665,"CDP No 101416 y Vigencias Futuras"]
["Agregar nuevo artículo o servicio","No aplica","No aplica",null,"No aplica","No aplica","No aplica",0,"No aplica",null,"SF Tipo 4 - 81591 - PUERTO RONDON - Beneficiarios: 436","SF Tipo 4 - 81591 - PUERTO RONDON - Beneficiarios: 436",1006,"UNIDAD",6695,6735170,"CDP No 101416 y Vigencias Futuras"]
["Agregar nuevo artículo o servicio","No aplica","No aplica",null,"No aplica","No aplica","No aplica",0,"No aplica",null,"SF Tipo 4 - 81736 - SARAVENA - Beneficiarios: 4603","SF Tipo 4 - 81736 - SARAVENA - Beneficiarios: 4603",10106,"UNIDAD",6695,67659670,"CDP No 101416 y Vigencias Futuras"]
["Agregar nuevo artículo o servicio","No aplica","No aplica",null,"No aplica","No aplica","No aplica",0,"No aplica",null,"SF Tipo 4 - 81794 - TAME - Beneficiarios: 5672","SF Tipo 4 - 81794 - TAME - Beneficiarios: 5672",14470,"UNIDAD",6695,96876650,"CDP No 101416 y Vigencias Futuras"]
["Agregar nuevo artículo o servicio","No aplica","No aplica",null,"No aplica","No aplica","No aplica",0,"No aplica",null,"SF Tipo 4 - 86219 - COLON - Beneficiarios: 728","SF Tipo 4 - 86219 - COLON - Beneficiarios: 728",1346,"UNIDAD",6695,9011470,"CDP No 101416 y Vigencias Futuras"]
["Agregar nuevo artículo o servicio","No aplica","No aplica",null,"No aplica","No aplica","No aplica",0,"No aplica",null,"SF Tipo 4 - 86320 - ORITO - Beneficiarios: 4764","SF Tipo 4 - 86320 - ORITO - Beneficiarios: 4764",10758,"UNIDAD",6695,72024810,"CDP No 101416 y Vigencias Futuras"]
["Agregar nuevo artículo o servicio","No aplica","No aplica",null,"No aplica","No aplica","No aplica",0,"No aplica",null,"SF Tipo 4 - 86568 - PUERTO ASIS - Beneficiarios: 6886","SF Tipo 4 - 86568 - PUERTO ASIS - Beneficiarios: 6886",16567,"UNIDAD",6695,110916065,"CDP No 101416 y Vigencias Futuras"]
["Agregar nuevo artículo o servicio","No aplica","No aplica",null,"No aplica","No aplica","No aplica",0,"No aplica",null,"SF Tipo 4 - 86569 - PUERTO CAICEDO - Beneficiarios: 1495","SF Tipo 4 - 86569 - PUERTO CAICEDO - Beneficiarios: 1495",3304,"UNIDAD",6695,22120280,"CDP No 101416 y Vigencias Futuras"]
["Agregar nuevo artículo o servicio","No aplica","No aplica",null,"No aplica","No aplica","No aplica",0,"No aplica",null,"SF Tipo 4 - 86571 - PUERTO GUZMAN - Beneficiarios: 1378","SF Tipo 4 - 86571 - PUERTO GUZMAN - Beneficiarios: 1378",2844,"UNIDAD",6695,19040580,"CDP No 101416 y Vigencias Futuras"]
["Agregar nuevo artículo o servicio","No aplica","No aplica",null,"No aplica","No aplica","No aplica",0,"No aplica",null,"SF Tipo 4 - 86573 - LEGUIZAMO - Beneficiarios: 2120","SF Tipo 4 - 86573 - LEGUIZAMO - Beneficiarios: 2120",4257,"UNIDAD",6695,28500615,"CDP No 101416 y Vigencias Futuras"]
["Agregar nuevo artículo o servicio","No aplica","No aplica",null,"No aplica","No aplica","No aplica",0,"No aplica",null,"SF Tipo 4 - 86749 - SIBUNDOY - Beneficiarios: 1899","SF Tipo 4 - 86749 - SIBUNDOY - Beneficiarios: 1899",3567,"UNIDAD",6695,23881065,"CDP No 101416 y Vigencias Futuras"]
["Agregar nuevo artículo o servicio","No aplica","No aplica",null,"No aplica","No aplica","No aplica",0,"No aplica",null,"SF Tipo 4 - 86755 - SAN FRANCISCO - Beneficiarios: 907","SF Tipo 4 - 86755 - SAN FRANCISCO - Beneficiarios: 907",2099,"UNIDAD",6695,14052805,"CDP No 101416 y Vigencias Futuras"]
["Agregar nuevo artículo o servicio","No aplica","No aplica",null,"No aplica","No aplica","No aplica",0,"No aplica",null,"SF Tipo 4 - 86757 - SAN MIGUEL - Beneficiarios: 2206","SF Tipo 4 - 86757 - SAN MIGUEL - Beneficiarios: 2206",5070,"UNIDAD",6695,33943650,"CDP No 101416 y Vigencias Futuras"]
["Agregar nuevo artículo o servicio","No aplica","No aplica",null,"No aplica","No aplica","No aplica",0,"No aplica",null,"SF Tipo 4 - 86760 - SANTIAGO - Beneficiarios: 943","SF Tipo 4 - 86760 - SANTIAGO - Beneficiarios: 943",1864,"UNIDAD",6695,12479480,"CDP No 101416 y Vigencias Futuras"]
["Agregar nuevo artículo o servicio","No aplica","No aplica",null,"No aplica","No aplica","No aplica",0,"No aplica",null,"SF Tipo 4 - 86865 - VALLE DEL GUAMUEZ - Beneficiarios: 4450","SF Tipo 4 - 86865 - VALLE DEL GUAMUEZ - Beneficiarios: 4450",9576,"UNIDAD",6695,64111320,"CDP No 101416 y Vigencias Futuras"]
["Agregar nuevo artículo o servicio","No aplica","No aplica",null,"No aplica","No aplica","No aplica",0,"No aplica",null,"SF Tipo 4 - 86885 - VILLAGARZON - Beneficiarios: 3211","SF Tipo 4 - 86885 - VILLAGARZON - Beneficiarios: 3211",8221,"UNIDAD",6695,55039595,"CDP No 101416 y Vigencias Futuras"]
["Agregar nuevo artículo o servicio","No aplica","No aplica",null,"No aplica","No aplica","No aplica",0,"No aplica",null,"SF Tipo 4 - 99001 - PUERTO CARREÑO - Beneficiarios: 1103","SF Tipo 4 - 99001 - PUERTO CARREÑO - Beneficiarios: 1103",1956,"UNIDAD",6695,13095420,"CDP No 101416 y Vigencias Futuras"]
["Agregar nuevo artículo o servicio","No aplica","No aplica",null,"No aplica","No aplica","No aplica",0,"No aplica",null,"SF Tipo 4 - 99524 - LA PRIMAVERA - Beneficiarios: 832","SF Tipo 4 - 99524 - LA PRIMAVERA - Beneficiarios: 832",1519,"UNIDAD",6695,10169705,"CDP No 101416 y Vigencias Futuras"]
["Agregar nuevo artículo o servicio","No aplica","No aplica",null,"No aplica","No aplica","No aplica",0,"No aplica",null,"SF Tipo 4 - 99624 - SANTA ROSALIA - Beneficiarios: 334","SF Tipo 4 - 99624 - SANTA ROSALIA - Beneficiarios: 334",584,"UNIDAD",6695,3909880,"CDP No 101416 y Vigencias Futuras"]
["Agregar nuevo artículo o servicio","No aplica","No aplica",null,"No aplica","No aplica","No aplica",0,"No aplica",null,"SF Tipo 4 - 99773 - CUMARIBO - Beneficiarios: 182","SF Tipo 4 - 99773 - CUMARIBO - Beneficiarios: 182",394,"UNIDAD",6695,2637830,"CDP No 101416 y Vigencias Futuras"]
[]
[null,null,null,null,null,null,"Cantidad de celdas a agregar:",null,361]
[]
[]
["Sección 5: Resultados de la modificación"]
[]
["Número de la línea según O.C.","Nombre del artículo",null,null,null,"Valores actuales",null,null,"Nuevos valores"]
[null,"Valor de la línea IVA en la Orden de Compra:",null,null,null,{"$f":"ROUND(M408, 2)","v":3770504026},null,null,5115969789,null,null,null,3770504026]
[null,"Valor de la línea AIU en la Orden de Compra:"]
[null,"Valor de la línea gravámenes adicionales en la Orden de Compra:"]
[]
[null,null,null,null,null,null,null,null,null,null,null,"2016-11-08"]
[]
[]
[null,"Firma ordenador del gasto",null,null,null,null,"Firma de Proveedor",null,null,null,null,"Fecha de elaboración"]
[]
["Nombre:","SANDRA LOZANO USECHE",null,null,null,"Nombre:","MONICA SANTAMARIA SALAMANCA",null,null,null,"Las partes manifestamos que este mismo documento se cargará en la plataforma en formato Excel (.xlsm) y los cambios se pueden validar con el mismo."]
["Documento de Identidad:",51752710,null,null,"Documento de Identidad:",null,35462826]

{"sheet":"Instructivo de Diligenciamiento","index":1,"n_rows":4,"n_cols":2,"rows_kept":4,"cut":false,"hidden":false,"merged":[[3,1,82,10]]}
[]
[]
[]
[null,"Instrucciones de diligenciamiento:\n\nColombia Compra Eficiente ha diseñado este formato para que las Entidades Compradoras puedan realizar aclaraciones, modificaciones, cancelaciones o terminaciones y liquidaciones de las Órdenes de Compra que estén en ejecución y vigentes, o ejecutadas. Para ello debe indicar:\n\nDatos generales: Datos básicos como número de la Orden de Compra que requiere cambiar, número consecutivo de solicitud tenga en cuenta que la primera solicitud corresponderá a la número “1”, nombre de la Entidad Compradora, nombre de la persona que solicita las acciones, celular o número de teléfono y extensión, NIT de la Entidad Compradora y el nombre del Proveedor que ejecuta la Orden de Compra.\n\nSección 1. Tipo de acción: Las Entidades pueden solicitar cuatro tipos de acciones respecto de las Órdenes de Compra:\n\n(i) Aclaraciones: Son las indicaciones de cambio de información que no afectan el plazo, el valor o las condiciones contractuales de las Órdenes de Compra como: redacción en las condiciones de entrega, errores de digitación  o rectificación de la fecha de vencimiento. Estas aclaraciones no requieren de la aceptación del Proveedor. Sin embargo una vez realizada la aclaración en la Orden de Compra, la Entidad Compradora debe notificarle al Proveedor el cambio. \n\n(ii) Modificaciones: Son indicaciones de cambio en aumento o disminución de valor o plazo,  aumento o disminución de los bienes o servicios solicitados, cambios en las condiciones de ejecución o datos que afecten la ejecución de la Orden de Compra. Solo en los casos de cambio de supervisor y datos de notificación como dirección o teléfono se puede omitir la firma del Proveedor. Sin embargo una vez realizada la modificación, la Entidad Compradora debe notificarle al Proveedor el cambio.\n\n(iii) Cancelación: Es la manifestación de la Entidad de no iniciar la ejecución de la Orden de Compra la cual también debe ser aceptada por el Proveedor.\n\n(iv) Terminación y Liquidación: Este tipo de acción es mediante la cual una Entidad Compradora formaliza la terminación y liquidación de las obligaciones derivadas de la Orden de Compra y así establece las acreencias pendientes a favor o en contra de cada parte de la Orden de Compra, también sirve para aclarar la ejecución de la misma o realizar la terminación anticipada en caso de que las partes así lo deseen. Este tipo de acción se debe aplicar dentro de los términos establecidos en cada Acuerdo Marco de Precios, para lo cual se requiere la solicitud por parte de la Entidad Compradora firmada por el Ordenador del Gasto y el representante legal del Proveedor, así como el informe del supervisor de la Orden de Compra. \n\nSección 2.  Justificación: Las razones de la realización del cambio de la Orden de Compra.\n\nSección 3. Modificación información general: la idea en esta sección es indicar cuales son los datos de información general de la orden de compra que requiere cambiar\n\nSección 4. Modificación de artículos o servicios: esta sección unicamente aplica en caso de que la acción a realizar sea modificar o terminar y liquidar la orden de compra, allí deberá indicar el tipo de midificación que desea realizar e ingresar o modificar los articulos que desea ajustar. Al momento de diligenciar esta sección tenga en cuenta las siguientes recomendaciones:\n\n(i) Las correcciones en el plazo de ejecución son diferentes a las modificaciones en el plazo, ejemplo: la Entidad Compradora adquirió elementos con tres entregas parciales pero digitó como fecha final de la Orden de Compra la fecha de la primera entrega, para corregir esto la Entidad Compradora selecciona en tipo de acción: aclaración y en el campo de fecha de vencimiento indica la fecha correcta. En el caso que fuera cambio de fecha fin, ejemplo: prorrogar o disminuir varios meses la ejecución de la Orden de Compra se utiliza en tipo de acción: modificación.\n\n(ii) para la realización de las modificaciones tenga en cuenta las secciones de modificación de cada una de las guías de compra\n\n(iii) los valores y cantidades solo pueden tener hasta dos decimales.\n\n(iv) la decisión de modificar, adicionar o combinar las dos opciones dependerá de las necesidades de cada Entidad Compradora, ejemplo si es un servicio y adicionalmente solo requiere modificar “cantidad” se recomienda seleccionar “modificación de artículo”, cuando son bienes puede modificar cualquiera de los demás campos.\n\n(v) si requiere cambio de condiciones de un servicio ya ejecutado se recomienda modificar la línea para que se refleje la parte ejecutada y adicionar una nueva línea para las nuevas condiciones del servicio que va a ejecutar.\n\nSección 5. Resultados de la modificación: La entidad siempre debe indicar en el recuadro el valor total del IVA, AIU, gravámenes adicionales, estos campos serán los valores finales que quedarán en la Orden de Compra después de la modificación, tenga en cuenta que el campo de IVA no aplica para algunos AMP como: papelería, vehículos y SOAT y que el campo de AIU solo aplica para aseo y cafetería.\n\nFirmas del documento: El ordenador del gasto de la Entidad Compradora debe firmar el documento y enviarlo al Proveedor para que lo acepte y firme, en caso de que así se requiera. El documento firmado debe ser enviado a través del aplicativo dispuesto por   Colombia Compra Eficiente para realizar las acciones solicitadas.\n\nFecha de elaboración del documento: Corresponde a la fecha en la que la Entidad Compradora y el Proveedor llegaron a un acuerdo para realizar las acciones y se suscribe el documento, recuerde que: (i) para poder realizar modificaciones en las Órdenes de Compra las mismas se deben acordar dentro de la vigencia de la Orden de Compra, (ii) Las órdenes de compra no se podrán modificar si ya se encuentran vencidas, (iii) Se da por realizada la modificación o acción que requiera realizar la Entidad, desde le momento en que las partes la firmen. Colombia Compra Eficiente lo único que realiza en la Tienda Virtual es el proceso de publicación de la modificación o ajuste que las partes hayan acordado a través de la firma de este documento. \n\nSi la Entidad Compradora requiere agregar archivos que estén relacionados con las acciones a realizar como: copia del CDP y/o aprobación de Vigencia Futura (VF) que soporta la adición, soportes documentales, correos, cartas, etc... debe publicarlos junto con el documento de modificación suscrito en un único archivo .Pdf con alta resolución de escaneo, si el documento no es legible se tomaran los cambios contenidos en el formato Excel, tenga en cuenta que Colombia Compra Eficiente únicamente publicará las modificaciones especificadas en el formato enviado por el aplicativo.\n\n"]

{"sheet":"Listas","index":2,"n_rows":5,"n_cols":3,"rows_kept":5,"cut":false,"hidden":true,"merged":[]}
["TipoDeModificacion",null,"Modificacion"]
["Modificación de la Orden de Compra",null,"Modificación de artículo o servicio"]
["Aclaración a la Orden de Compra",null,"Agregar nuevo artículo o servicio"]
["Cancelación de la Orden de Compra",null,"Eliminar artículo o servicio"]
["Terminación y Liquidación de la Orden de Compra",null,"Ninguna"]